Statistics for Administrative Towns of the United States with a Map

Click here to take the quiz!

General Stats

  • This quiz has been taken 143 times
  • The average score is 497 of 3573

Answers on the Map

Answers color-coded by a green-red scale on the quiz's map according to % correct below.
 

Answer Stats

StateCountyTown% Correct
MassachusettsBerkshireMount Washington
68%
MaineOxfordHartford
66%
New YorkWashingtonHartford
66%
WisconsinWashingtonHartford
66%
VermontWindsorHartford
66%
ConnecticutHartfordHartford
66%
ConnecticutNew HavenMadison
66%
New HampshireCarrollMadison
66%
MaineSomersetMadison
66%
New YorkMadisonMadison
66%
WisconsinDaneMadison
66%
VermontAddisonNew Haven
66%
New YorkOswegoNew Haven
66%
WisconsinAdamsNew Haven
66%
ConnecticutNew HavenNew Haven
66%
WisconsinDunnNew Haven
66%
WisconsinMonroePortland
66%
WisconsinDodgePortland
66%
New YorkChautauquaPortland
66%
ConnecticutMiddlesexPortland
66%
MassachusettsBerkshireWashington
66%
WisconsinSaukWashington
66%
MaineKnoxWashington
66%
WisconsinGreenWashington
66%
New HampshireSullivanWashington
66%
New YorkDutchessWashington
66%
ConnecticutLitchfieldWashington
66%
WisconsinDoorWashington
66%
WisconsinLa CrosseWashington
66%
WisconsinEau ClaireWashington
66%
WisconsinVilasWashington
66%
WisconsinRuskWashington
66%
VermontOrangeWashington
66%
WisconsinShawanoWashington
66%
WisconsinPortageAlban
59%
WisconsinMarquetteBuffalo
58%
WisconsinBuffaloBuffalo
58%
MaineKennebecManchester
58%
ConnecticutHartfordManchester
58%
VermontBenningtonManchester
58%
WisconsinJacksonManchester
58%
New YorkOntarioManchester
58%
WisconsinGreen LakeManchester
58%
VermontOrleansNewport
58%
New YorkHerkimerNewport
58%
WisconsinColumbiaNewport
58%
MainePenobscotNewport
58%
New HampshireSullivanNewport
58%
WisconsinDaneSpringfield
58%
VermontWindsorSpringfield
58%
WisconsinSt. CroixSpringfield
58%
WisconsinMarquetteSpringfield
58%
MainePenobscotSpringfield
58%
New YorkOtsegoSpringfield
58%
WisconsinJacksonSpringfield
58%
New HampshireSullivanSpringfield
58%
WisconsinJacksonAdams
57%
WisconsinGreenAdams
57%
WisconsinAdamsAdams
57%
MassachusettsBerkshireAdams
57%
New YorkJeffersonAdams
57%
New YorkEssexEssex
57%
ConnecticutMiddlesexEssex
57%
VermontChittendenEssex
57%
MassachusettsEssexEssex
57%
MassachusettsNantucketNantucket
57%
WisconsinGreenAlbany
55%
New HampshireCarrollAlbany
55%
VermontOrleansAlbany
55%
WisconsinPepinAlbany
55%
New YorkErieBoston
55%
New YorkOntarioBristol
55%
MaineLincolnBristol
55%
WisconsinDaneBristol
55%
VermontAddisonBristol
55%
New HampshireGraftonBristol
55%
ConnecticutHartfordBristol
55%
Rhode IslandBristolBristol
55%
ConnecticutNew LondonFranklin
55%
WisconsinSaukFranklin
55%
WisconsinManitowocFranklin
55%
New YorkFranklinFranklin
55%
MaineHancockFranklin
55%
VermontFranklinFranklin
55%
WisconsinJacksonFranklin
55%
New YorkDelawareFranklin
55%
WisconsinVernonFranklin
55%
WisconsinKewauneeFranklin
55%
WisconsinVilasLincoln
55%
WisconsinWoodLincoln
55%
New YorkMadisonLincoln
55%
WisconsinBayfieldLincoln
55%
New HampshireGraftonLincoln
55%
VermontAddisonLincoln
55%
MainePenobscotLincoln
55%
WisconsinTrempealeauLincoln
55%
WisconsinForestLincoln
55%
WisconsinBurnettLincoln
55%
WisconsinKewauneeLincoln
55%
MassachusettsMiddlesexLincoln
55%
WisconsinAdamsLincoln
55%
WisconsinBuffaloLincoln
55%
WisconsinPolkLincoln
55%
WisconsinEau ClaireLincoln
55%
Rhode IslandProvidenceLincoln
55%
WisconsinMonroeLincoln
55%
New HampshireGraftonPlymouth
55%
WisconsinJuneauPlymouth
55%
New YorkChenangoPlymouth
55%
WisconsinSheboyganPlymouth
55%
WisconsinRockPlymouth
55%
ConnecticutLitchfieldPlymouth
55%
MainePenobscotPlymouth
55%
MassachusettsPlymouthPlymouth
55%
VermontWindsorPlymouth
55%
New YorkUlsterRochester
55%
VermontWindsorRochester
55%
MassachusettsPlymouthRochester
55%
New YorkErieConcord
54%
WisconsinJeffersonConcord
54%
MassachusettsMiddlesexConcord
54%
VermontEssexConcord
54%
New HampshireMerrimackNew London
54%
ConnecticutNew LondonNew London
54%
WisconsinMarinetteNiagara
54%
New YorkNiagaraNiagara
54%
New YorkSaratogaProvidence
54%
WisconsinWoodRock
54%
WisconsinRockRock
54%
WisconsinLincolnKing
53%
WisconsinDaneYork
53%
New YorkLivingstonYork
53%
WisconsinGreenYork
53%
MaineYorkYork
53%
WisconsinClarkYork
53%
WisconsinRacineBurlington
51%
ConnecticutHartfordBurlington
51%
New YorkOtsegoBurlington
51%
MassachusettsMiddlesexBurlington
51%
MainePenobscotBurlington
51%
VermontOrangeOrange
51%
MassachusettsFranklinOrange
51%
New YorkSchuylerOrange
51%
WisconsinJuneauOrange
51%
ConnecticutNew HavenOrange
51%
New HampshireGraftonOrange
51%
WisconsinAdamsJackson
50%
New YorkWashingtonJackson
50%
WisconsinWashingtonJackson
50%
WisconsinBurnettJackson
50%
New HampshireCarrollJackson
50%
MaineWaldoJackson
50%
New HampshireCoosJefferson
50%
MaineLincolnJefferson
50%
WisconsinVernonJefferson
50%
WisconsinGreenJefferson
50%
New YorkSchoharieJefferson
50%
WisconsinMonroeJefferson
50%
WisconsinJeffersonJefferson
50%
WisconsinCrawfordBridgeport
49%
ConnecticutFairfieldBridgeport
49%
MaineWaldoMonroe
49%
ConnecticutFairfieldMonroe
49%
New HampshireGraftonMonroe
49%
New YorkOrangeMonroe
49%
MassachusettsFranklinMonroe
49%
WisconsinGreenMonroe
49%
WisconsinAdamsMonroe
49%
VermontWashingtonWorcester
49%
New YorkOtsegoWorcester
49%
WisconsinPriceWorcester
49%
New YorkDutchessClinton
47%
WisconsinVernonClinton
47%
MaineKennebecClinton
47%
ConnecticutMiddlesexClinton
47%
MassachusettsWorcesterClinton
47%
WisconsinBarronClinton
47%
WisconsinRockClinton
47%
New YorkClintonClinton
47%
WisconsinMarquetteOxford
47%
MaineOxfordOxford
47%
New YorkChenangoOxford
47%
MassachusettsWorcesterOxford
47%
ConnecticutNew HavenOxford
47%
Rhode IslandNewportPortsmouth
47%
WisconsinWoodWood
47%
VermontFranklinFairfield
46%
WisconsinSaukFairfield
46%
New YorkHerkimerFairfield
46%
MaineSomersetFairfield
46%
ConnecticutFairfieldFairfield
46%
New YorkPutnamKent
46%
ConnecticutLitchfieldKent
46%
New YorkUlsterKingston
46%
WisconsinGreen LakeKingston
46%
New HampshireRockinghamKingston
46%
WisconsinJuneauKingston
46%
MassachusettsPlymouthKingston
46%
New HampshireRockinghamSalem
46%
WisconsinPierceSalem
46%
New YorkWashingtonSalem
46%
ConnecticutNew LondonSalem
46%
MassachusettsWorcesterWarren
46%
WisconsinSt. CroixWarren
46%
WisconsinWausharaWarren
46%
VermontWashingtonWarren
46%
ConnecticutLitchfieldWarren
46%
MaineKnoxWarren
46%
Rhode IslandBristolWarren
46%
New HampshireGraftonWarren
46%
New YorkHerkimerWarren
46%
VermontWindsorChester
45%
MainePenobscotChester
45%
MassachusettsHampdenChester
45%
ConnecticutMiddlesexChester
45%
New YorkWarrenChester
45%
New YorkOrangeChester
45%
WisconsinDodgeChester
45%
New HampshireRockinghamChester
45%
New YorkMadisonHamilton
45%
WisconsinLa CrosseHamilton
45%
MassachusettsEssexHamilton
45%
WisconsinMarinetteLake
45%
WisconsinPriceLake
45%
New YorkSt. LawrenceNorfolk
45%
MassachusettsNorfolkNorfolk
45%
ConnecticutLitchfieldNorfolk
45%
WisconsinKenoshaParis
45%
New YorkOneidaParis
45%
MaineOxfordParis
45%
WisconsinGrantParis
45%
New YorkWestchesterSomers
45%
WisconsinKenoshaSomers
45%
ConnecticutTollandSomers
45%
ConnecticutHartfordWindsor
45%
New YorkBroomeWindsor
45%
VermontWindsorWindsor
45%
MaineKennebecWindsor
45%
MassachusettsBerkshireWindsor
45%
New HampshireHillsboroughWindsor
45%
New YorkOneidaAugusta
43%
WisconsinGreen LakeBerlin
43%
VermontWashingtonBerlin
43%
New YorkRensselaerBerlin
43%
MassachusettsWorcesterBerlin
43%
WisconsinMarathonBerlin
43%
ConnecticutHartfordBerlin
43%
New YorkHerkimerColumbia
43%
ConnecticutTollandColumbia
43%
MaineWashingtonColumbia
43%
New HampshireCoosColumbia
43%
New HampshireRockinghamHampton
43%
ConnecticutWindhamHampton
43%
New YorkWashingtonHampton
43%
WisconsinKewauneeMontpelier
43%
New YorkJeffersonOrleans
43%
MassachusettsBarnstableOrleans
43%
New YorkWyomingBennington
42%
New HampshireHillsboroughBennington
42%
VermontBenningtonBennington
42%
MaineCumberlandCumberland
42%
WisconsinBarronCumberland
42%
Rhode IslandProvidenceCumberland
42%
MassachusettsBerkshireHancock
42%
MaineHancockHancock
42%
New HampshireHillsboroughHancock
42%
WisconsinWausharaHancock
42%
VermontAddisonHancock
42%
New YorkDelawareHancock
42%
New YorkWayneOntario
42%
New YorkOswegoOswego
42%
New YorkGreeneWindham
42%
ConnecticutWindhamWindham
42%
MaineCumberlandWindham
42%
New HampshireRockinghamWindham
42%
VermontWindhamWindham
42%
MaineAroostookAshland
41%
New HampshireGraftonAshland
41%
New YorkGreeneAshland
41%
MassachusettsMiddlesexAshland
41%
New YorkChemungAshland
41%
WisconsinAshlandAshland
41%
New YorkWashingtonCambridge
41%
MaineSomersetCambridge
41%
VermontLamoilleCambridge
41%
New HampshireStraffordLee
41%
MassachusettsBerkshireLee
41%
New YorkOneidaLee
41%
MainePenobscotLee
41%
New YorkLewisLewis
41%
VermontEssexLewis
41%
New YorkEssexLewis
41%
MaineKennebecLitchfield
41%
New YorkHerkimerLitchfield
41%
ConnecticutLitchfieldLitchfield
41%
New HampshireHillsboroughLitchfield
41%
ConnecticutNew LondonNorwich
41%
New YorkChenangoNorwich
41%
VermontWindsorNorwich
41%
WisconsinDaneRutland
41%
MassachusettsWorcesterRutland
41%
New YorkJeffersonRutland
41%
VermontRutlandRutland
41%
WisconsinCrawfordSeneca
41%
WisconsinShawanoSeneca
41%
WisconsinGreen LakeSeneca
41%
New YorkOntarioSeneca
41%
WisconsinWoodSeneca
41%
New YorkDelawareStamford
41%
ConnecticutFairfieldStamford
41%
VermontBenningtonStamford
41%
MassachusettsHampdenTolland
41%
ConnecticutTollandTolland
41%
New YorkOneidaVernon
41%
WisconsinWaukeshaVernon
41%
ConnecticutTollandVernon
41%
VermontWindhamVernon
41%
New YorkErieGrand Island
39%
WisconsinGrantJamestown
39%
Rhode IslandNewportJamestown
39%
WisconsinSaukMerrimac
39%
MassachusettsEssexMerrimac
39%
New YorkWashingtonPutnam
39%
ConnecticutWindhamPutnam
39%
WisconsinBrownRockland
39%
New YorkSullivanRockland
39%
WisconsinManitowocRockland
39%
MassachusettsPlymouthRockland
39%
MassachusettsBristolSomerset
39%
WisconsinSt. CroixSomerset
39%
New YorkNiagaraSomerset
39%
VermontWindhamSomerset
39%
New YorkSuffolkSouthampton
39%
MassachusettsHampshireSouthampton
39%
VermontChittendenSt. George
39%
MaineKnoxSt. George
39%
New YorkOrangeWarwick
39%
MassachusettsFranklinWarwick
39%
VermontWindhamGrafton
38%
WisconsinOzaukeeGrafton
38%
New HampshireGraftonGrafton
38%
MassachusettsWorcesterGrafton
38%
New YorkRensselaerGrafton
38%
WisconsinMarquetteHarris
38%
New HampshireMerrimackHill
38%
WisconsinPriceHill
38%
MaineCumberlandLong Island
38%
VermontWashingtonMiddlesex
38%
New YorkYatesMiddlesex
38%
WisconsinAdamsRome
38%
MaineKennebecRome
38%
MassachusettsNorfolkDover
36%
WisconsinRacineDover
36%
VermontWindhamDover
36%
WisconsinBuffaloDover
36%
New YorkDutchessDover
36%
WisconsinDunnGrant
36%
WisconsinShawanoGrant
36%
WisconsinClarkGrant
36%
WisconsinPortageGrant
36%
WisconsinMonroeGrant
36%
WisconsinRuskGrant
36%
ConnecticutFairfieldGreenwich
36%
New YorkWashingtonGreenwich
36%
MassachusettsWorcesterLancaster
36%
New HampshireCoosLancaster
36%
New YorkErieLancaster
36%
WisconsinDodgeLowell
36%
MainePenobscotLowell
36%
VermontOrleansLowell
36%
New YorkFultonNorthampton
36%
WisconsinOutagamieOneida
36%
New YorkSaratogaSaratoga
36%
WisconsinWoodSaratoga
36%
WisconsinCrawfordUtica
36%
WisconsinWinnebagoUtica
36%
New YorkJeffersonWatertown
36%
ConnecticutLitchfieldWatertown
36%
WisconsinJeffersonWatertown
36%
VermontAddisonAddison
35%
New YorkSteubenAddison
35%
WisconsinWashingtonAddison
35%
MaineWashingtonAddison
35%
New HampshireCoosCarroll
35%
New YorkChautauquaCarroll
35%
New YorkMontgomeryCharleston
35%
VermontOrleansCharleston
35%
MainePenobscotCharleston
35%
New YorkNassauHempstead
35%
WisconsinRichlandIthaca
35%
New YorkTompkinsIthaca
35%
Rhode IslandNewportMiddletown
35%
New YorkDelawareMiddletown
35%
ConnecticutMiddlesexMiddletown
35%
New YorkOrangeMontgomery
35%
MassachusettsHampdenMontgomery
35%
VermontFranklinMontgomery
35%
MaineLincolnNewcastle
35%
New YorkWestchesterNew Castle
35%
New HampshireRockinghamNew Castle
35%
New HampshireCoosPittsburg
35%
MassachusettsBarnstableProvincetown
35%
WisconsinDaneWestport
35%
MassachusettsBristolWestport
35%
New YorkEssexWestport
35%
ConnecticutFairfieldWestport
35%
MassachusettsMiddlesexBedford
34%
New HampshireHillsboroughBedford
34%
New YorkWestchesterBedford
34%
New YorkHerkimerHerkimer
34%
WisconsinVernonHillsboro
34%
WisconsinMarathonJohnson
34%
VermontLamoilleJohnson
34%
MaineAndroscogginLisbon
34%
New YorkSt. LawrenceLisbon
34%
WisconsinJuneauLisbon
34%
New HampshireGraftonLisbon
34%
ConnecticutNew LondonLisbon
34%
WisconsinWaukeshaLisbon
34%
ConnecticutNew HavenWaterbury
34%
VermontWashingtonWaterbury
34%
New HampshireCheshireWinchester
34%
WisconsinVilasWinchester
34%
MassachusettsMiddlesexWinchester
34%
ConnecticutLitchfieldWinchester
34%
WisconsinWinnebagoWinchester
34%
WisconsinWaupacaWyoming
34%
WisconsinIowaWyoming
34%
New HampshireMerrimackDanbury
32%
ConnecticutFairfieldDanbury
32%
New YorkSullivanDelaware
32%
ConnecticutMiddlesexDurham
32%
New YorkGreeneDurham
32%
New HampshireStraffordDurham
32%
MaineAndroscogginDurham
32%
ConnecticutHartfordEast Hartford
32%
WisconsinBrownGreen Bay
32%
MaineCumberlandHarrison
32%
WisconsinLincolnHarrison
32%
WisconsinGrantHarrison
32%
WisconsinMarathonHarrison
32%
WisconsinCalumetHarrison
32%
New YorkWestchesterHarrison
32%
WisconsinWaupacaHarrison
32%
New YorkGreeneLexington
32%
MassachusettsMiddlesexLexington
32%
WisconsinSt. CroixRichmond
32%
WisconsinShawanoRichmond
32%
VermontChittendenRichmond
32%
MassachusettsBerkshireRichmond
32%
MaineSagadahocRichmond
32%
Rhode IslandWashingtonRichmond
32%
New HampshireCheshireRichmond
32%
New YorkOntarioRichmond
32%
WisconsinWalworthRichmond
32%
New YorkFranklinBangor
31%
WisconsinLa CrosseBangor
31%
MaineSomersetBingham
31%
New YorkSchoharieFulton
31%
WisconsinRockFulton
31%
New YorkAlleganyGenesee
31%
WisconsinWaukeshaGenesee
31%
MaineSagadahocGeorgetown
31%
New YorkMadisonGeorgetown
31%
MassachusettsEssexGeorgetown
31%
WisconsinPriceGeorgetown
31%
WisconsinPolkGeorgetown
31%
VermontGrand IsleGrand Isle
31%
MaineAroostookGrand Isle
31%
New HampshireHillsboroughHillsborough
31%
New HampshireHillsboroughHudson
31%
MassachusettsMiddlesexHudson
31%
WisconsinSt. CroixHudson
31%
MainePenobscotHudson
31%
MassachusettsEssexIpswich
31%
WisconsinPriceKnox
31%
New YorkAlbanyKnox
31%
MaineWaldoKnox
31%
ConnecticutLitchfieldSalisbury
31%
New YorkHerkimerSalisbury
31%
New HampshireMerrimackSalisbury
31%
VermontAddisonSalisbury
31%
MassachusettsEssexSalisbury
31%
New HampshireStraffordStrafford
31%
VermontOrangeStrafford
31%
New YorkUlsterUlster
31%
WisconsinWashingtonWayne
31%
WisconsinLafayetteWayne
31%
New YorkSteubenWayne
31%
MaineKennebecWayne
31%
ConnecticutFairfieldWeston
31%
MaineAroostookWeston
31%
VermontWindsorWeston
31%
WisconsinDunnWeston
31%
MassachusettsMiddlesexWeston
31%
WisconsinMarathonWeston
31%
WisconsinClarkWeston
31%
WisconsinBayfieldBayfield
30%
New HampshireGraftonCanaan
30%
VermontEssexCanaan
30%
ConnecticutLitchfieldCanaan
30%
MaineSomersetCanaan
30%
New YorkColumbiaCanaan
30%
MassachusettsBerkshireCheshire
30%
ConnecticutNew HavenCheshire
30%
ConnecticutNew HavenDerby
30%
VermontOrleansDerby
30%
MassachusettsWorcesterDouglas
30%
WisconsinMarquetteDouglas
30%
MassachusettsBarnstableEastham
30%
ConnecticutNew HavenEast Haven
30%
VermontEssexEast Haven
30%
MaineAndroscogginGreene
30%
New YorkChenangoGreene
30%
WisconsinMarathonHamburg
30%
New YorkErieHamburg
30%
WisconsinVernonHamburg
30%
WisconsinColumbiaHampden
30%
MainePenobscotHampden
30%
MassachusettsHampdenHampden
30%
WisconsinClarkLynn
30%
New YorkDutchessMilan
30%
New HampshireCoosMilan
30%
New HampshireHillsboroughMilford
30%
MainePenobscotMilford
30%
ConnecticutNew HavenMilford
30%
New YorkOtsegoMilford
30%
WisconsinJeffersonMilford
30%
MassachusettsWorcesterMilford
30%
New YorkOnondagaOnondaga
30%
New YorkOtsegoPittsfield
30%
MaineSomersetPittsfield
30%
New HampshireMerrimackPittsfield
30%
VermontRutlandPittsfield
30%
WisconsinBrownPittsfield
30%
WisconsinWaupacaSt. Lawrence
30%
New HampshireCheshireTroy
30%
WisconsinWalworthTroy
30%
WisconsinSaukTroy
30%
MaineWaldoTroy
30%
WisconsinSt. CroixTroy
30%
VermontOrleansTroy
30%
ConnecticutHartfordWest Hartford
30%
VermontRutlandWest Haven
30%
ConnecticutNew HavenWest Haven
30%
New YorkAlleganyAllen
28%
New YorkMontgomeryAmsterdam
28%
MassachusettsEssexAndover
28%
MaineOxfordAndover
28%
New HampshireMerrimackAndover
28%
New YorkAlleganyAndover
28%
ConnecticutTollandAndover
28%
VermontWindsorAndover
28%
New YorkAlleganyBelfast
28%
VermontAddisonCornwall
28%
ConnecticutLitchfieldCornwall
28%
New YorkOrangeCornwall
28%
WisconsinTrempealeauDodge
28%
New HampshireCheshireDublin
28%
New YorkSuffolkEast Hampton
28%
ConnecticutMiddlesexEast Hampton
28%
New YorkOneidaFlorence
28%
WisconsinFlorenceFlorence
28%
WisconsinTaylorFord
28%
New HampshireGraftonHanover
28%
MassachusettsPlymouthHanover
28%
New YorkChautauquaHanover
28%
MaineOxfordHanover
28%
New YorkLivingstonLeicester
28%
MassachusettsWorcesterLeicester
28%
VermontAddisonLeicester
28%
WisconsinClarkMead
28%
New YorkRensselaerNassau
28%
WisconsinMarquetteNewton
28%
WisconsinManitowocNewton
28%
New HampshireRockinghamNewton
28%
ConnecticutFairfieldNorwalk
28%
VermontWindhamRockingham
28%
New HampshireCheshireSullivan
28%
New YorkMadisonSullivan
28%
MaineHancockSullivan
28%
WisconsinJeffersonSullivan
28%
New YorkCortlandTaylor
28%
New YorkOrleansYates
28%
New YorkJeffersonAlexandria
27%
New HampshireGraftonAlexandria
27%
WisconsinColumbiaArlington
27%
MassachusettsMiddlesexArlington
27%
VermontBenningtonArlington
27%
New YorkBroomeBinghamton
27%
WisconsinGreen LakeBrooklyn
27%
ConnecticutWindhamBrooklyn
27%
WisconsinGreenBrooklyn
27%
WisconsinWashburnBrooklyn
27%
New YorkSchoharieBroome
27%
WisconsinAshlandChippewa
27%
New YorkWashingtonEaston
27%
MaineAroostookEaston
27%
MassachusettsBristolEaston
27%
WisconsinAdamsEaston
27%
ConnecticutFairfieldEaston
27%
WisconsinMarathonEaston
27%
New HampshireGraftonEaston
27%
MainePenobscotExeter
27%
WisconsinGreenExeter
27%
New HampshireRockinghamExeter
27%
Rhode IslandWashingtonExeter
27%
New YorkOtsegoExeter
27%
VermontWindhamMarlboro
27%
New HampshireHillsboroughMerrimack
27%
New YorkSaratogaMilton
27%
New HampshireStraffordMilton
27%
MassachusettsNorfolkMilton
27%
VermontChittendenMilton
27%
WisconsinBuffaloMilton
27%
WisconsinRockMilton
27%
ConnecticutFairfieldNewtown
27%
WisconsinKewauneePierce
27%
WisconsinWashingtonPolk
27%
MassachusettsBerkshireSheffield
27%
VermontCaledoniaSheffield
27%
New HampshireCoosStratford
27%
ConnecticutFairfieldStratford
27%
New YorkFultonStratford
27%
WisconsinEau ClaireUnion
27%
MaineKnoxUnion
27%
WisconsinBurnettUnion
27%
ConnecticutTollandUnion
27%
WisconsinVernonUnion
27%
WisconsinWaupacaUnion
27%
WisconsinPierceUnion
27%
WisconsinRockUnion
27%
New YorkBroomeUnion
27%
WisconsinDoorUnion
27%
VermontCaledoniaWaterford
27%
MaineOxfordWaterford
27%
New YorkSaratogaWaterford
27%
WisconsinRacineWaterford
27%
ConnecticutNew LondonWaterford
27%
MaineHancockAmherst
26%
WisconsinPortageAmherst
26%
MassachusettsHampshireAmherst
26%
New HampshireHillsboroughAmherst
26%
New YorkErieAmherst
26%
VermontWindhamAthens
26%
MaineSomersetAthens
26%
New YorkGreeneAthens
26%
New YorkSteubenBath
26%
New HampshireGraftonBath
26%
VermontEssexBrunswick
26%
New YorkRensselaerBrunswick
26%
MaineCumberlandBrunswick
26%
WisconsinEau ClaireBrunswick
26%
ConnecticutWindhamCanterbury
26%
New HampshireMerrimackCanterbury
26%
VermontRutlandChittenden
26%
New HampshireRockinghamDerry
26%
MassachusettsBarnstableFalmouth
26%
MaineCumberlandFalmouth
26%
WisconsinFond du LacFond du Lac
26%
WisconsinSt. CroixForest
26%
WisconsinVernonForest
26%
WisconsinRichlandForest
26%
WisconsinFond du LacForest
26%
MassachusettsMiddlesexGroton
26%
New HampshireGraftonGroton
26%
VermontCaledoniaGroton
26%
New YorkTompkinsGroton
26%
ConnecticutNew LondonGroton
26%
WisconsinColumbiaLewiston
26%
New YorkNiagaraLewiston
26%
VermontWindhamLondonderry
26%
New HampshireRockinghamLondonderry
26%
WisconsinMenomineeMenominee
26%
ConnecticutNew HavenNorth Haven
26%
MaineKnoxNorth Haven
26%
MaineHancockPenobscot
26%
WisconsinAdamsQuincy
26%
VermontWindsorReading
26%
New YorkSchuylerReading
26%
MassachusettsMiddlesexReading
26%
WisconsinSheboyganSheboygan
26%
MaineWashingtonSteuben
26%
New YorkOneidaSteuben
26%
MassachusettsBristolSwansea
26%
MaineWaldoWaldo
26%
WisconsinWaukeshaWaukesha
26%
New YorkEssexWilmington
26%
VermontWindhamWilmington
26%
MassachusettsMiddlesexWilmington
26%
MainePenobscotWinn
26%
New HampshireRockinghamAuburn
24%
WisconsinChippewaAuburn
24%
MassachusettsWorcesterAuburn
24%
WisconsinFond du LacAuburn
24%
MassachusettsNorfolkAvon
24%
New YorkLivingstonAvon
24%
MaineFranklinAvon
24%
ConnecticutHartfordAvon
24%
WisconsinRockAvon
24%
MaineHancockBar Harbor
24%
WisconsinBarronBarron
24%
MaineHancockBrooklin
24%
WisconsinTrempealeauCaledonia
24%
WisconsinWaupacaCaledonia
24%
WisconsinColumbiaCaledonia
24%
New YorkLivingstonCaledonia
24%
New YorkOneidaCamden
24%
MaineKnoxCamden
24%
WisconsinBuffaloCanton
24%
New YorkSt. LawrenceCanton
24%
MaineOxfordCanton
24%
MassachusettsNorfolkCanton
24%
ConnecticutHartfordCanton
24%
New YorkChemungChemung
24%
Rhode IslandKentCoventry
24%
ConnecticutTollandCoventry
24%
New YorkChenangoCoventry
24%
VermontOrleansCoventry
24%
MassachusettsBristolDartmouth
24%
New YorkOntarioGeneva
24%
WisconsinWalworthGeneva
24%
New YorkMontgomeryGlen
24%
WisconsinMonroeLafayette
24%
WisconsinChippewaLafayette
24%
WisconsinWalworthLafayette
24%
New YorkOnondagaLaFayette
24%
New YorkColumbiaLivingston
24%
New YorkCortlandMarathon
24%
WisconsinMarathonMarathon
24%
VermontAddisonMiddlebury
24%
ConnecticutNew HavenMiddlebury
24%
New YorkWyomingMiddlebury
24%
WisconsinBuffaloNaples
24%
New YorkOntarioNaples
24%
MaineCumberlandNaples
24%
WisconsinRockNewark
24%
VermontCaledoniaNewark
24%
ConnecticutFairfieldNew Canaan
24%
WisconsinOcontoOconto
24%
WisconsinColumbiaOtsego
24%
New YorkOtsegoOtsego
24%
New YorkClintonPlattsburgh
24%
New YorkDutchessPoughkeepsie
24%
WisconsinRuskRichland
24%
New YorkOswegoRichland
24%
WisconsinRichlandRichland
24%
New YorkSchoharieSchoharie
24%
WisconsinPortageSharon
24%
ConnecticutLitchfieldSharon
24%
WisconsinWalworthSharon
24%
VermontWindsorSharon
24%
New YorkSchoharieSharon
24%
New HampshireHillsboroughSharon
24%
MassachusettsNorfolkSharon
24%
MassachusettsWorcesterWebster
24%
New YorkMonroeWebster
24%
New HampshireMerrimackWebster
24%
WisconsinVernonWebster
24%
VermontWindsorWoodstock
24%
New YorkUlsterWoodstock
24%
New HampshireGraftonWoodstock
24%
MaineOxfordWoodstock
24%
ConnecticutWindhamWoodstock
24%
New YorkCattaraugusAllegany
23%
VermontFranklinBerkshire
23%
New YorkTiogaBerkshire
23%
New HampshireGraftonBethlehem
23%
New YorkAlbanyBethlehem
23%
ConnecticutLitchfieldBethlehem
23%
ConnecticutLitchfieldBridgewater
23%
New YorkOneidaBridgewater
23%
New HampshireGraftonBridgewater
23%
MaineAroostookBridgewater
23%
VermontWindsorBridgewater
23%
WisconsinMarathonBrighton
23%
New YorkMonroeBrighton
23%
New YorkFranklinBrighton
23%
VermontEssexBrighton
23%
WisconsinKenoshaBrighton
23%
WisconsinOutagamieBuchanan
23%
VermontWashingtonCalais
23%
New YorkChautauquaChautauqua
23%
New YorkBroomeChenango
23%
New YorkDelawareColchester
23%
ConnecticutNew LondonColchester
23%
VermontChittendenColchester
23%
New YorkChenangoColumbus
23%
WisconsinColumbiaColumbus
23%
New YorkOrangeCrawford
23%
MaineWashingtonCrawford
23%
ConnecticutFairfieldDarien
23%
New YorkGeneseeDarien
23%
WisconsinWalworthDarien
23%
WisconsinDunnDunn
23%
WisconsinDaneDunn
23%
WisconsinWaupacaFarmington
23%
WisconsinJeffersonFarmington
23%
MaineFranklinFarmington
23%
WisconsinWashingtonFarmington
23%
WisconsinPolkFarmington
23%
WisconsinLa CrosseFarmington
23%
New HampshireStraffordFarmington
23%
New YorkOntarioFarmington
23%
ConnecticutHartfordFarmington
23%
New YorkHerkimerFrankfort
23%
WisconsinMarathonFrankfort
23%
MaineWaldoFrankfort
23%
WisconsinPepinFrankfort
23%
ConnecticutHartfordGlastonbury
23%
MassachusettsHampshireGoshen
23%
ConnecticutLitchfieldGoshen
23%
New YorkOrangeGoshen
23%
VermontAddisonGoshen
23%
New HampshireSullivanGoshen
23%
WisconsinMarathonHull
23%
MassachusettsPlymouthHull
23%
WisconsinPortageHull
23%
New YorkSuffolkHuntington
23%
VermontChittendenHuntington
23%
MassachusettsHampshireHuntington
23%
WisconsinOutagamieMaine
23%
New YorkBroomeMaine
23%
WisconsinManitowocManitowoc
23%
ConnecticutHartfordNew Britain
23%
Rhode IslandProvidenceNorth Providence
23%
New HampshireRockinghamNottingham
23%
New YorkClintonPeru
23%
VermontBenningtonPeru
23%
WisconsinDunnPeru
23%
MassachusettsBerkshirePeru
23%
MaineOxfordPeru
23%
WisconsinVilasPresque Isle
23%
New YorkHerkimerSchuyler
23%
MaineLincolnSouthport
23%
New YorkChemungSouthport
23%
MaineAroostookVan Buren
23%
New YorkOnondagaVan Buren
23%
WisconsinClarkWashburn
23%
WisconsinBayfieldWashburn
23%
MaineAroostookWashburn
23%
Rhode IslandWashingtonWesterly
23%
MassachusettsHampshireWesthampton
23%
New YorkOswegoWilliamstown
23%
VermontOrangeWilliamstown
23%
MassachusettsBerkshireWilliamstown
23%
MassachusettsBarnstableYarmouth
23%
MaineCumberlandYarmouth
23%
MaineKnoxAppleton
22%
WisconsinBayfieldBell
22%
ConnecticutFairfieldBethel
22%
New YorkSullivanBethel
22%
VermontWindsorBethel
22%
MaineOxfordBethel
22%
New HampshireHillsboroughBrookline
22%
VermontWindhamBrookline
22%
MassachusettsNorfolkBrookline
22%
WisconsinDodgeBurnett
22%
WisconsinFond du LacCalumet
22%
Rhode IslandWashingtonCharlestown
22%
New HampshireSullivanCharlestown
22%
WisconsinCalumetCharlestown
22%
New HampshireCarrollChatham
22%
MassachusettsBarnstableChatham
22%
New YorkColumbiaChatham
22%
New YorkChemungElmira
22%
New HampshireGraftonEnfield
22%
MainePenobscotEnfield
22%
ConnecticutHartfordEnfield
22%
New YorkTompkinsEnfield
22%
MassachusettsBerkshireFlorida
22%
New YorkMontgomeryFlorida
22%
WisconsinGreen LakeGreen Lake
22%
MassachusettsWorcesterHarvard
22%
MaineYorkKennebunk
22%
WisconsinLangladeLanglade
22%
WisconsinBrownLawrence
22%
WisconsinRuskLawrence
22%
New YorkSt. LawrenceLawrence
22%
WisconsinDodgeLebanon
22%
MaineYorkLebanon
22%
WisconsinWaupacaLebanon
22%
New YorkMadisonLebanon
22%
ConnecticutNew LondonLebanon
22%
New HampshireCheshireMarlborough
22%
ConnecticutHartfordMarlborough
22%
New YorkUlsterMarlborough
22%
New HampshireStraffordMiddleton
22%
WisconsinDaneMiddleton
22%
MassachusettsEssexMiddleton
22%
VermontWashingtonNorthfield
22%
WisconsinJacksonNorthfield
22%
MaineWashingtonNorthfield
22%
New HampshireMerrimackNorthfield
22%
MassachusettsFranklinNorthfield
22%
WisconsinPepinPepin
22%
New YorkChautauquaPoland
22%
MaineAndroscogginPoland
22%
MassachusettsWorcesterPrinceton
22%
WisconsinGreen LakePrinceton
22%
MaineWashingtonPrinceton
22%
MaineKnoxRockport
22%
MassachusettsEssexRockport
22%
New YorkWestchesterRye
22%
New HampshireRockinghamRye
22%
New YorkTiogaTioga
22%
New YorkDelawareTompkins
22%
New YorkErieTonawanda
22%
WisconsinLangladeVilas
22%
MassachusettsHampshireWare
22%
New YorkHamiltonWells
22%
MaineYorkWells
22%
VermontRutlandWells
22%
WisconsinMonroeWells
22%
MaineAroostookWestfield
22%
New YorkChautauquaWestfield
22%
WisconsinSaukWestfield
22%
VermontOrleansWestfield
22%
WisconsinMarquetteWestfield
22%
ConnecticutHartfordWindsor Locks
22%
WisconsinMarinetteBeaver
20%
WisconsinClarkBeaver
20%
WisconsinPolkBeaver
20%
MassachusettsBarnstableBourne
20%
ConnecticutFairfieldBrookfield
20%
WisconsinWaukeshaBrookfield
20%
VermontOrangeBrookfield
20%
New HampshireCarrollBrookfield
20%
New YorkMadisonBrookfield
20%
MassachusettsWorcesterBrookfield
20%
VermontOrangeChelsea
20%
MaineKennebecChelsea
20%
WisconsinTaylorChelsea
20%
WisconsinTaylorCleveland
20%
WisconsinMarathonCleveland
20%
WisconsinJacksonCleveland
20%
WisconsinChippewaCleveland
20%
WisconsinDaneDane
20%
MassachusettsFranklinDeerfield
20%
WisconsinDaneDeerfield
20%
New YorkOneidaDeerfield
20%
WisconsinWausharaDeerfield
20%
New HampshireRockinghamDeerfield
20%
New YorkErieEden
20%
VermontLamoilleEden
20%
WisconsinIowaEden
20%
WisconsinFond du LacEden
20%
MassachusettsNorfolkFoxborough
20%
Rhode IslandProvidenceJohnston
20%
New YorkEssexKeene
20%
New YorkSt. LawrenceMadrid
20%
WisconsinGreen LakeMarquette
20%
New HampshireMerrimackNewbury
20%
VermontOrangeNewbury
20%
MassachusettsEssexNewbury
20%
Rhode IslandWashingtonNew Shoreham
20%
New YorkLivingstonPortage
20%
WisconsinLangladePrice
20%
ConnecticutFairfieldRidgefield
20%
WisconsinBurnettRoosevelt
20%
WisconsinTaylorRoosevelt
20%
WisconsinRuskRusk
20%
WisconsinBurnettRusk
20%
New YorkCayugaSterling
20%
ConnecticutWindhamSterling
20%
MassachusettsWorcesterSterling
20%
WisconsinVernonSterling
20%
WisconsinPolkSterling
20%
New YorkCayugaVenice
20%
WisconsinDaneVermont
20%
New YorkWayneWalworth
20%
WisconsinWalworthWalworth
20%
WisconsinWaupacaWaupaca
20%
Rhode IslandKentWest Warwick
20%
WisconsinChippewaAnson
19%
MaineSomersetAnson
19%
WisconsinRichlandBloom
19%
New HampshireMerrimackBow
19%
VermontChittendenCharlotte
19%
MaineWashingtonCharlotte
19%
New YorkChautauquaCharlotte
19%
New YorkSt. LawrenceClare
19%
New HampshireRockinghamDanville
19%
VermontCaledoniaDanville
19%
MassachusettsDukesEdgartown
19%
MassachusettsBerkshireGreat Barrington
19%
New HampshireHillsboroughGreenfield
19%
WisconsinLa CrosseGreenfield
19%
WisconsinMonroeGreenfield
19%
New YorkSaratogaGreenfield
19%
WisconsinSaukGreenfield
19%
WisconsinOutagamieGreenville
19%
New HampshireHillsboroughGreenville
19%
New YorkGreeneGreenville
19%
New YorkOrangeGreenville
19%
MainePiscataquisGreenville
19%
WisconsinPolkJohnstown
19%
New YorkFultonJohnstown
19%
WisconsinRockJohnstown
19%
MaineYorkKennebunkport
19%
MaineYorkKittery
19%
New YorkJeffersonLyme
19%
ConnecticutNew LondonLyme
19%
New HampshireGraftonLyme
19%
WisconsinTaylorMedford
19%
MainePiscataquisMedford
19%
ConnecticutNew HavenMeriden
19%
New YorkOswegoMexico
19%
MaineOxfordMexico
19%
WisconsinIowaMoscow
19%
MaineSomersetMoscow
19%
MaineKennebecMount Vernon
19%
Rhode IslandWashingtonNarragansett
19%
New HampshireRockinghamNewington
19%
ConnecticutHartfordNewington
19%
New YorkNassauOyster Bay
19%
New HampshireHillsboroughPeterborough
19%
New YorkOtsegoPlainfield
19%
MassachusettsHampshirePlainfield
19%
WisconsinWausharaPlainfield
19%
VermontWashingtonPlainfield
19%
New HampshireSullivanPlainfield
19%
ConnecticutWindhamPlainfield
19%
New HampshireCarrollSandwich
19%
MassachusettsBarnstableSandwich
19%
Rhode IslandProvidenceScituate
19%
MassachusettsPlymouthScituate
19%
New YorkGeneseeStafford
19%
ConnecticutTollandStafford
19%
New HampshireMerrimackSutton
19%
VermontCaledoniaSutton
19%
MassachusettsWorcesterSutton
19%
New YorkSullivanThompson
19%
ConnecticutWindhamThompson
19%
ConnecticutFairfieldTrumbull
19%
New YorkWyomingWarsaw
19%
VermontWindsorWeathersfield
19%
WisconsinEau ClaireWilson
19%
WisconsinSheboyganWilson
19%
WisconsinRuskWilson
19%
WisconsinDunnWilson
19%
WisconsinLincolnWilson
19%
New YorkNiagaraWilson
19%
New HampshireHillsboroughWilton
19%
MaineFranklinWilton
19%
New YorkSaratogaWilton
19%
WisconsinMonroeWilton
19%
ConnecticutFairfieldWilton
19%
ConnecticutNew HavenAnsonia
18%
Rhode IslandBristolBarrington
18%
New HampshireStraffordBarrington
18%
New YorkYatesBarrington
18%
New YorkFranklinBellmont
18%
MaineWaldoBelmont
18%
MassachusettsMiddlesexBelmont
18%
WisconsinPortageBelmont
18%
WisconsinLafayetteBelmont
18%
New HampshireBelknapBelmont
18%
VermontWindhamBrattleboro
18%
Rhode IslandProvidenceBurrillville
18%
New YorkOnondagaClay
18%
New YorkSteubenCorning
18%
WisconsinLincolnCorning
18%
Rhode IslandKentEast Greenwich
18%
VermontRutlandFair Haven
18%
MassachusettsBristolFairhaven
18%
WisconsinWaupacaFremont
18%
New HampshireRockinghamFremont
18%
WisconsinClarkFremont
18%
New YorkSullivanFremont
18%
New YorkSteubenFremont
18%
WisconsinDoorGardner
18%
New YorkAlleganyGrove
18%
New YorkSuffolkIslip
18%
Rhode IslandNewportLittle Compton
18%
MassachusettsMiddlesexLittleton
18%
New HampshireGraftonLittleton
18%
MaineAroostookLittleton
18%
New YorkNiagaraLockport
18%
ConnecticutLitchfieldMorris
18%
WisconsinShawanoMorris
18%
New YorkOtsegoMorris
18%
ConnecticutLitchfieldNew Milford
18%
MassachusettsEssexNorth Andover
18%
MassachusettsBristolNorth Attleborough
18%
Rhode IslandWashingtonNorth Kingstown
18%
MassachusettsBristolNorton
18%
VermontEssexNorton
18%
New YorkHerkimerNorway
18%
WisconsinRacineNorway
18%
MaineOxfordNorway
18%
MassachusettsDukesOak Bluffs
18%
New YorkMonroeOgden
18%
MassachusettsBerkshireOtis
18%
MaineHancockOtis
18%
MassachusettsHampshirePelham
18%
New YorkWestchesterPelham
18%
New HampshireHillsboroughPelham
18%
New YorkSchenectadyRotterdam
18%
MassachusettsWorcesterShrewsbury
18%
VermontRutlandShrewsbury
18%
ConnecticutHartfordSouthington
18%
MaineOxfordStow
18%
MassachusettsMiddlesexStow
18%
ConnecticutLitchfieldTorrington
18%
WisconsinPepinWaterville
18%
VermontLamoilleWaterville
18%
New YorkWyomingWethersfield
18%
ConnecticutHartfordWethersfield
18%
VermontWashingtonWoodbury
18%
ConnecticutLitchfieldWoodbury
18%
New YorkOrangeWoodbury
18%
ConnecticutWindhamAshford
16%
WisconsinFond du LacAshford
16%
New YorkCattaraugusAshford
16%
New YorkSuffolkBabylon
16%
New YorkOrleansBarre
16%
WisconsinLa CrosseBarre
16%
MassachusettsWorcesterBarre
16%
VermontWashingtonBarre
16%
VermontOrangeBradford
16%
MainePenobscotBradford
16%
New HampshireMerrimackBradford
16%
New YorkSteubenBradford
16%
WisconsinRockBradford
16%
New YorkSuffolkBrookhaven
16%
WisconsinDoorBrussels
16%
WisconsinRockCenter
16%
WisconsinOutagamieCenter
16%
MassachusettsMiddlesexChelmsford
16%
New HampshireCheshireChesterfield
16%
New YorkEssexChesterfield
16%
MassachusettsHampshireChesterfield
16%
ConnecticutLitchfieldColebrook
16%
New HampshireCoosColebrook
16%
New YorkChautauquaDunkirk
16%
WisconsinDaneDunkirk
16%
New YorkSaratogaEdinburg
16%
MainePenobscotEdinburg
16%
MaineKennebecFayette
16%
WisconsinLafayetteFayette
16%
New YorkSenecaFayette
16%
MaineCumberlandFreeport
16%
New YorkDelawareHamden
16%
ConnecticutNew HavenHamden
16%
New HampshireRockinghamHampstead
16%
WisconsinShawanoHartland
16%
ConnecticutHartfordHartland
16%
New YorkNiagaraHartland
16%
MaineSomersetHartland
16%
VermontWindsorHartland
16%
WisconsinPierceHartland
16%
MaineYorkHollis
16%
New HampshireHillsboroughHollis
16%
New HampshireMerrimackHopkinton
16%
MassachusettsMiddlesexHopkinton
16%
New YorkSt. LawrenceHopkinton
16%
Rhode IslandWashingtonHopkinton
16%
New YorkSullivanLiberty
16%
WisconsinGrantLiberty
16%
WisconsinVernonLiberty
16%
MaineWaldoLiberty
16%
WisconsinOutagamieLiberty
16%
WisconsinManitowocLiberty
16%
MaineYorkLimerick
16%
MassachusettsEssexLynnfield
16%
MassachusettsEssexMarblehead
16%
MassachusettsWorcesterMillville
16%
WisconsinGrantMillville
16%
MainePenobscotNewburgh
16%
New YorkOrangeNewburgh
16%
MaineYorkNewfield
16%
New YorkTompkinsNewfield
16%
MassachusettsFranklinNew Salem
16%
New HampshireCoosNorthumberland
16%
New YorkSaratogaNorthumberland
16%
New YorkCattaraugusOlean
16%
New HampshireCoosRandolph
16%
WisconsinColumbiaRandolph
16%
VermontOrangeRandolph
16%
MaineKennebecRandolph
16%
New YorkCattaraugusRandolph
16%
New HampshireRockinghamSeabrook
16%
MassachusettsBristolSeekonk
16%
VermontChittendenShelburne
16%
New HampshireCoosShelburne
16%
MassachusettsFranklinShelburne
16%
ConnecticutFairfieldShelton
16%
Rhode IslandWashingtonSouth Kingstown
16%
MaineSomersetSt. Albans
16%
VermontFranklinSt. Albans
16%
VermontCaledoniaSt. Johnsbury
16%
MaineAroostookStockholm
16%
WisconsinPepinStockholm
16%
New YorkSt. LawrenceStockholm
16%
MassachusettsFranklinSunderland
16%
VermontBenningtonSunderland
16%
MaineKnoxThomaston
16%
ConnecticutLitchfieldThomaston
16%
Rhode IslandNewportTiverton
16%
WisconsinTrempealeauTrempealeau
16%
WisconsinPierceTrenton
16%
WisconsinWashingtonTrenton
16%
New YorkOneidaTrenton
16%
WisconsinDodgeTrenton
16%
MaineHancockTrenton
16%
WisconsinDaneVienna
16%
MaineKennebecVienna
16%
New YorkOneidaVienna
16%
VermontAddisonWaltham
16%
MaineHancockWaltham
16%
WisconsinFond du LacAlto
15%
WisconsinRuskAtlanta
15%
MassachusettsNorfolkBellingham
15%
MaineYorkBerwick
15%
WisconsinWalworthBloomfield
15%
ConnecticutHartfordBloomfield
15%
WisconsinWausharaBloomfield
15%
VermontEssexBloomfield
15%
ConnecticutTollandBolton
15%
MassachusettsWorcesterBolton
15%
VermontChittendenBolton
15%
New YorkWarrenBolton
15%
MassachusettsEssexBoxford
15%
MaineKennebecChina
15%
MassachusettsFranklinConway
15%
New HampshireCarrollConway
15%
MassachusettsEssexDanvers
15%
MaineHancockDedham
15%
MassachusettsNorfolkDedham
15%
MassachusettsBarnstableDennis
15%
MassachusettsMiddlesexDracut
15%
MassachusettsWorcesterDudley
15%
MassachusettsPlymouthDuxbury
15%
VermontWashingtonDuxbury
15%
WisconsinWaukeshaEagle
15%
WisconsinRichlandEagle
15%
New YorkWyomingEagle
15%
WisconsinClarkEaton
15%
WisconsinManitowocEaton
15%
New HampshireCarrollEaton
15%
WisconsinBrownEaton
15%
New YorkMadisonEaton
15%
New HampshireRockinghamGreenland
15%
New HampshireGraftonHaverhill
15%
New YorkErieHolland
15%
WisconsinBrownHolland
15%
WisconsinSheboyganHolland
15%
VermontOrleansHolland
15%
WisconsinLa CrosseHolland
15%
MassachusettsHampdenHolland
15%
New YorkCayugaLedyard
15%
ConnecticutNew LondonLedyard
15%
WisconsinColumbiaLeeds
15%
MaineAndroscogginLeeds
15%
VermontWindsorLudlow
15%
MaineAroostookLudlow
15%
MassachusettsHampdenLudlow
15%
MassachusettsEssexManchester-by-the-Sea
15%
MassachusettsBristolMansfield
15%
ConnecticutTollandMansfield
15%
New YorkCattaraugusMansfield
15%
MassachusettsPlymouthMarion
15%
WisconsinJuneauMarion
15%
New YorkWayneMarion
15%
WisconsinWausharaMarion
15%
WisconsinGrantMarion
15%
MassachusettsPlymouthMarshfield
15%
WisconsinFond du LacMarshfield
15%
MaineWashingtonMarshfield
15%
WisconsinWoodMarshfield
15%
VermontWashingtonMarshfield
15%
MassachusettsBarnstableMashpee
15%
ConnecticutNew HavenNaugatuck
15%
MassachusettsWorcesterNorthbridge
15%
MaineWaldoNorthport
15%
WisconsinLangladeNorwood
15%
MassachusettsNorfolkNorwood
15%
New YorkHerkimerOhio
15%
New YorkOtsegoOneonta
15%
WisconsinWinnebagoOshkosh
15%
New YorkGeneseePembroke
15%
MaineWashingtonPembroke
15%
MassachusettsPlymouthPembroke
15%
New HampshireMerrimackPembroke
15%
ConnecticutNew LondonPreston
15%
New YorkChenangoPreston
15%
WisconsinTrempealeauPreston
15%
WisconsinAdamsPreston
15%
MaineCumberlandRaymond
15%
WisconsinRacineRaymond
15%
New HampshireRockinghamRaymond
15%
MassachusettsEssexRowley
15%
New YorkBroomeSanford
15%
MaineCumberlandScarborough
15%
ConnecticutHartfordSimsbury
15%
New HampshireRockinghamSouth Hampton
15%
MassachusettsWorcesterSpencer
15%
WisconsinMarathonSpencer
15%
New YorkTiogaSpencer
15%
MaineHancockStonington
15%
ConnecticutNew LondonStonington
15%
VermontLamoilleStowe
15%
WisconsinDouglasSuperior
15%
MassachusettsEssexSwampscott
15%
MaineOxfordSweden
15%
New YorkMonroeSweden
15%
MassachusettsDukesTisbury
15%
MassachusettsBarnstableTruro
15%
MassachusettsNorfolkWalpole
15%
New HampshireCheshireWalpole
15%
MassachusettsNorfolkWellesley
15%
WisconsinTaylorWestboro
15%
MassachusettsNorfolkWestwood
15%
MassachusettsMiddlesexActon
14%
MaineYorkActon
14%
New YorkAlleganyAlfred
14%
MaineYorkAlfred
14%
WisconsinMarathonBern
14%
MaineLincolnBoothbay
14%
VermontOrangeBraintree
14%
New YorkOntarioCanandaigua
14%
New YorkSchoharieCarlisle
14%
MassachusettsMiddlesexCarlisle
14%
New YorkAlleganyClarksville
14%
New HampshireCoosClarksville
14%
WisconsinMonroeClifton
14%
MainePenobscotClifton
14%
WisconsinGrantClifton
14%
WisconsinPierceClifton
14%
New YorkSt. LawrenceClifton
14%
MassachusettsNorfolkCohasset
14%
ConnecticutMiddlesexCromwell
14%
ConnecticutMiddlesexDeep River
14%
New HampshireRockinghamEpping
14%
WisconsinOzaukeeFredonia
14%
MaineWaldoFreedom
14%
New YorkCattaraugusFreedom
14%
WisconsinForestFreedom
14%
WisconsinSaukFreedom
14%
WisconsinOutagamieFreedom
14%
New HampshireCarrollFreedom
14%
WisconsinPolkGarfield
14%
WisconsinJacksonGarfield
14%
New YorkLivingstonGeneseo
14%
Rhode IslandProvidenceGlocester
14%
ConnecticutHartfordGranby
14%
New YorkOswegoGranby
14%
MassachusettsHampshireGranby
14%
VermontEssexGranby
14%
MaineCumberlandGray
14%
New YorkMonroeGreece
14%
MassachusettsEssexGroveland
14%
New YorkLivingstonGroveland
14%
ConnecticutNew HavenGuilford
14%
MainePiscataquisGuilford
14%
VermontWindhamGuilford
14%
New YorkChenangoGuilford
14%
New YorkLewisHarrisburg
14%
MassachusettsPlymouthHingham
14%
New HampshireCheshireHinsdale
14%
New YorkCattaraugusHinsdale
14%
MassachusettsBerkshireHinsdale
14%
MaineKnoxHope
14%
New YorkHamiltonHope
14%
MaineAroostookHoulton
14%
New YorkWayneHuron
14%
New YorkDutchessHyde Park
14%
VermontLamoilleHyde Park
14%
VermontOrleansJay
14%
New YorkEssexJay
14%
MaineFranklinJay
14%
ConnecticutWindhamKillingly
14%
VermontCaledoniaLyndon
14%
New YorkCattaraugusLyndon
14%
WisconsinSheboyganLyndon
14%
WisconsinJuneauLyndon
14%
MassachusettsNorfolkNeedham
14%
New YorkUlsterNew Paltz
14%
New HampshireRockinghamNorth Hampton
14%
ConnecticutNew LondonOld Lyme
14%
MaineYorkOld Orchard Beach
14%
ConnecticutMiddlesexOld Saybrook
14%
MainePenobscotOrono
14%
New YorkJeffersonPhiladelphia
14%
MassachusettsNorfolkPlainville
14%
ConnecticutHartfordPlainville
14%
MassachusettsBristolRehoboth
14%
WisconsinDaneRoxbury
14%
New YorkDelawareRoxbury
14%
VermontWashingtonRoxbury
14%
MaineOxfordRoxbury
14%
ConnecticutLitchfieldRoxbury
14%
New HampshireCheshireRoxbury
14%
New YorkClintonSaranac
14%
MassachusettsEssexSaugus
14%
ConnecticutWindhamScotland
14%
WisconsinBurnettScott
14%
WisconsinSheboyganScott
14%
WisconsinBrownScott
14%
WisconsinMonroeScott
14%
WisconsinCrawfordScott
14%
WisconsinColumbiaScott
14%
New YorkCortlandScott
14%
WisconsinLincolnScott
14%
WisconsinIronSherman
14%
WisconsinDunnSherman
14%
ConnecticutFairfieldSherman
14%
WisconsinSheboyganSherman
14%
MaineAroostookSherman
14%
WisconsinClarkSherman
14%
New YorkChautauquaSherman
14%
New YorkMadisonStockbridge
14%
MassachusettsBerkshireStockbridge
14%
VermontWindsorStockbridge
14%
WisconsinCalumetStockbridge
14%
MaineOxfordStoneham
14%
MassachusettsMiddlesexStoneham
14%
MaineWashingtonTopsfield
14%
MassachusettsEssexTopsfield
14%
MassachusettsMiddlesexTyngsborough
14%
New YorkOntarioVictor
14%
MassachusettsMiddlesexWakefield
14%
New HampshireCarrollWakefield
14%
MassachusettsHampdenWales
14%
New YorkErieWales
14%
MaineAndroscogginWales
14%
MassachusettsPlymouthWareham
14%
WisconsinDodgeWestford
14%
MassachusettsMiddlesexWestford
14%
New YorkOtsegoWestford
14%
WisconsinRichlandWestford
14%
VermontChittendenWestford
14%
Rhode IslandKentWest Greenwich
14%
VermontWindhamWestminster
14%
MassachusettsWorcesterWestminster
14%
VermontOrleansWestmore
14%
MassachusettsEssexWest Newbury
14%
MassachusettsBristolAcushnet
12%
MainePenobscotAlton
12%
New HampshireBelknapAlton
12%
WisconsinChippewaArthur
12%
MassachusettsWorcesterAshburnham
12%
MassachusettsMiddlesexAyer
12%
New YorkGeneseeBatavia
12%
MassachusettsMiddlesexBillerica
12%
ConnecticutNew HavenBranford
12%
MassachusettsBarnstableBrewster
12%
MaineCumberlandBridgton
12%
WisconsinPortageCarson
12%
New YorkClintonChamplain
12%
New HampshireMerrimackChichester
12%
MaineWashingtonCooper
12%
WisconsinManitowocCooperstown
12%
New YorkSaratogaDay
12%
WisconsinMarathonDay
12%
WisconsinWaupacaDayton
12%
MaineYorkDayton
12%
WisconsinRichlandDayton
12%
New YorkCattaraugusDayton
12%
MassachusettsPlymouthEast Bridgewater
12%
MaineYorkEliot
12%
WisconsinPriceElk
12%
New HampshireCoosErrol
12%
WisconsinClarkFoster
12%
Rhode IslandProvidenceFoster
12%
MaineOxfordFryeburg
12%
WisconsinVernonGenoa
12%
New YorkCayugaGenoa
12%
VermontOrleansGreensboro
12%
MassachusettsPlymouthHalifax
12%
VermontWindhamHalifax
12%
MassachusettsMiddlesexHolliston
12%
New YorkMonroeIrondequoit
12%
New HampshireRockinghamKensington
12%
MassachusettsPlymouthLakeville
12%
MainePenobscotLakeville
12%
MassachusettsBerkshireLenox
12%
New YorkMadisonLenox
12%
WisconsinPepinLima
12%
WisconsinGrantLima
12%
WisconsinSheboyganLima
12%
New YorkLivingstonLima
12%
WisconsinRockLima
12%
WisconsinMonroeLittle Falls
12%
New YorkHerkimerLittle Falls
12%
MaineWashingtonLubec
12%
New YorkFranklinMalone
12%
MassachusettsMiddlesexMaynard
12%
MassachusettsNorfolkMedfield
12%
MassachusettsPlymouthMiddleborough
12%
MassachusettsFranklinMontague
12%
New YorkLewisMontague
12%
MassachusettsEssexNahant
12%
ConnecticutLitchfieldNew Hartford
12%
New YorkOneidaNew Hartford
12%
New YorkNassauNorth Hempstead
12%
VermontGrand IsleNorth Hero
12%
MassachusettsMiddlesexNorth Reading
12%
MaineKennebecOakland
12%
WisconsinDouglasOakland
12%
WisconsinBurnettOakland
12%
WisconsinJeffersonOakland
12%
MaineYorkOgunquit
12%
New YorkErieOrchard Park
12%
MaineWaldoPalermo
12%
New YorkOswegoPalermo
12%
New HampshireRockinghamPlaistow
12%
WisconsinOutagamieSeymour
12%
ConnecticutNew HavenSeymour
12%
WisconsinLafayetteSeymour
12%
WisconsinEau ClaireSeymour
12%
New YorkMadisonSmithfield
12%
Rhode IslandProvidenceSmithfield
12%
MaineSomersetSmithfield
12%
New YorkSuffolkSmithtown
12%
VermontGrand IsleSouth Hero
12%
MassachusettsNorfolkStoughton
12%
New HampshireRockinghamStratham
12%
ConnecticutHartfordSuffield
12%
MassachusettsMiddlesexTewksbury
12%
WisconsinMarathonTexas
12%
MassachusettsWorcesterUxbridge
12%
ConnecticutNew HavenWallingford
12%
VermontRutlandWallingford
12%
MassachusettsEssexWenham
12%
ConnecticutMiddlesexWestbrook
12%
MassachusettsPlymouthWhitman
12%
New HampshireCarrollWolfeboro
12%
New YorkJeffersonWorth
12%
New YorkWestchesterYorktown
12%
MassachusettsPlymouthAbington
11%
MaineAroostookAllagash
11%
MaineYorkArundel
11%
MassachusettsWorcesterAthol
11%
MainePiscataquisAtkinson
11%
New HampshireRockinghamAtkinson
11%
WisconsinTaylorAurora
11%
WisconsinWausharaAurora
11%
MaineHancockAurora
11%
WisconsinFlorenceAurora
11%
New YorkErieAurora
11%
WisconsinSt. CroixBaldwin
11%
MaineCumberlandBaldwin
11%
New YorkChemungBaldwin
11%
New YorkTiogaBarton
11%
WisconsinWashingtonBarton
11%
VermontOrleansBarton
11%
MaineLincolnBoothbay Harbor
11%
New HampshireRockinghamBrentwood
11%
MaineYorkBuxton
11%
MaineCumberlandCape Elizabeth
11%
WisconsinKewauneeCasco
11%
MaineCumberlandCasco
11%
New HampshireSullivanCornish
11%
MaineYorkCornish
11%
New HampshireSullivanCroydon
11%
WisconsinBarronDallas
11%
MassachusettsBerkshireDalton
11%
New HampshireCoosDalton
11%
WisconsinBurnettDaniels
11%
MaineOxfordDenmark
11%
New YorkLewisDenmark
11%
MainePenobscotDexter
11%
WisconsinWoodDexter
11%
New HampshireGraftonDorchester
11%
VermontBenningtonDorset
11%
New HampshireCoosDummer
11%
WisconsinMarinetteDunbar
11%
MassachusettsMiddlesexDunstable
11%
New YorkWestchesterEastchester
11%
ConnecticutMiddlesexEast Haddam
11%
MassachusettsHampdenEast Longmeadow
11%
ConnecticutNew LondonEast Lyme
11%
MaineAroostookFort Kent
11%
New HampshireGraftonFranconia
11%
New YorkMonroeGates
11%
New YorkChenangoGerman
11%
New HampshireBelknapGilford
11%
New HampshireCoosGorham
11%
New YorkOntarioGorham
11%
MaineCumberlandGorham
11%
New HampshireSullivanGrantham
11%
MassachusettsHampshireHadley
11%
New YorkSaratogaHadley
11%
New HampshireRockinghamHampton Falls
11%
MaineCumberlandHarpswell
11%
New YorkMonroeHenrietta
11%
WisconsinRichlandHenrietta
11%
MassachusettsNorfolkHolbrook
11%
New HampshireMerrimackHooksett
11%
New YorkChemungHorseheads
11%
WisconsinOcontoHow
11%
New YorkAlleganyIndependence
11%
VermontRutlandKillington
11%
ConnecticutMiddlesexKillingworth
11%
MassachusettsHampdenLongmeadow
11%
MassachusettsWorcesterLunenburg
11%
VermontEssexLunenburg
11%
WisconsinTaylorMcKinley
11%
WisconsinPolkMcKinley
11%
WisconsinDaneMedina
11%
New HampshireBelknapMeredith
11%
New YorkDelawareMeredith
11%
New YorkOtsegoMiddlefield
11%
ConnecticutMiddlesexMiddlefield
11%
MassachusettsHampshireMiddlefield
11%
MainePenobscotMillinocket
11%
ConnecticutFairfieldNew Fairfield
11%
New HampshireRockinghamNewmarket
11%
MaineYorkNorth Berwick
11%
MassachusettsWorcesterNorthborough
11%
ConnecticutLitchfieldNorth Canaan
11%
New YorkWestchesterOssining
11%
New HampshireCarrollOssipee
11%
WisconsinWaukeshaOttawa
11%
New YorkMonroeParma
11%
New YorkChautauquaPomfret
11%
ConnecticutWindhamPomfret
11%
VermontWindsorPomfret
11%
New YorkSt. LawrencePotsdam
11%
WisconsinIowaPulaski
11%
New YorkRocklandRamapo
11%
MaineFranklinRangeley
11%
ConnecticutFairfieldRedding
11%
New YorkMonroeRush
11%
New YorkWestchesterScarsdale
11%
MaineCumberlandSebago
11%
New YorkSenecaSeneca Falls
11%
MaineLincolnSomerville
11%
MaineYorkSouth Berwick
11%
MassachusettsWorcesterSouthborough
11%
ConnecticutHartfordSouth Windsor
11%
New YorkLivingstonSparta
11%
WisconsinMonroeSparta
11%
New HampshireCoosStewartstown
11%
VermontRutlandSudbury
11%
MassachusettsMiddlesexSudbury
11%
New HampshireBelknapTilton
11%
MaineSagadahocTopsham
11%
VermontOrangeTopsham
11%
New YorkLewisTurin
11%
New YorkOneidaVerona
11%
WisconsinDaneVerona
11%
WisconsinClarkWarner
11%
New HampshireMerrimackWarner
11%
WisconsinJeffersonWaterloo
11%
New YorkSenecaWaterloo
11%
WisconsinGrantWaterloo
11%
MassachusettsWorcesterWestborough
11%
New YorkOneidaWestmoreland
11%
New HampshireCheshireWestmoreland
11%
New HampshireCoosWhitefield
11%
MaineLincolnWhitefield
11%
WisconsinSawyerWinter
11%
MaineKennebecWinthrop
11%
MaineLincolnWiscasset
11%
VermontLamoilleWolcott
11%
ConnecticutNew HavenWolcott
11%
New YorkWayneWolcott
11%
VermontGrand IsleAlburgh
9%
New YorkJeffersonAntwerp
9%
MassachusettsDukesAquinnah
9%
ConnecticutNew HavenBethany
9%
New YorkGeneseeBethany
9%
VermontRutlandBrandon
9%
New YorkFranklinBrandon
9%
MaineHancockBucksport
9%
New YorkGreeneCairo
9%
New HampshireGraftonCampton
9%
New YorkGreeneCatskill
9%
New YorkSaratogaCharlton
9%
MassachusettsWorcesterCharlton
9%
WisconsinOutagamieDale
9%
MaineLincolnDamariscotta
9%
New YorkDelawareDelhi
9%
MaineSomersetDetroit
9%
ConnecticutWindhamEastford
9%
New HampshireRockinghamEast Kingston
9%
MainePenobscotEast Millinocket
9%
ConnecticutHartfordEast Windsor
9%
New HampshireCarrollEffingham
9%
WisconsinPierceEllsworth
9%
New HampshireGraftonEllsworth
9%
MassachusettsBristolFreetown
9%
New YorkCortlandFreetown
9%
VermontFranklinGeorgia
9%
MassachusettsFranklinGill
9%
WisconsinPierceGilman
9%
WisconsinBuffaloGilmanton
9%
New HampshireBelknapGilmanton
9%
VermontOrleansGlover
9%
MassachusettsDukesGosnold
9%
VermontAddisonGranville
9%
MassachusettsHampdenGranville
9%
New YorkWashingtonGranville
9%
ConnecticutNew LondonGriswold
9%
ConnecticutMiddlesexHaddam
9%
MassachusettsPlymouthHanson
9%
WisconsinJeffersonHebron
9%
MaineOxfordHebron
9%
ConnecticutTollandHebron
9%
New YorkWashingtonHebron
9%
New HampshireGraftonHebron
9%
New YorkYatesJerusalem
9%
WisconsinBarronLakeland
9%
WisconsinOcontoLakewood
9%
New HampshireSullivanLempster
9%
MaineAndroscogginLivermore
9%
New HampshireGraftonLivermore
9%
New YorkSt. LawrenceLouisville
9%
MaineAroostookMadawaska
9%
New HampshireStraffordMadbury
9%
New YorkSt. LawrenceMassena
9%
MassachusettsBerkshireMonterey
9%
ConnecticutNew LondonMontville
9%
MaineWaldoMontville
9%
New HampshireCarrollMoultonborough
9%
MaineHancockMount Desert
9%
New HampshireHillsboroughNew Boston
9%
New HampshireRockinghamNewfields
9%
MassachusettsBerkshireNew Marlborough
9%
MassachusettsWorcesterNorth Brookfield
9%
WisconsinDanePerry
9%
New YorkWyomingPerry
9%
MaineWashingtonPerry
9%
MaineFranklinPhillips
9%
MaineOxfordPorter
9%
WisconsinRockPorter
9%
New YorkNiagaraPorter
9%
New YorkSuffolkRiverhead
9%
MaineOxfordRumford
9%
WisconsinSheboyganRussell
9%
New YorkSt. LawrenceRussell
9%
MassachusettsHampdenRussell
9%
WisconsinLincolnRussell
9%
WisconsinBayfieldRussell
9%
New HampshireRockinghamSandown
9%
New YorkWayneSavannah
9%
MaineSomersetSkowhegan
9%
ConnecticutNew HavenSouthbury
9%
MassachusettsHampshireSouth Hadley
9%
MaineHancockSouthwest Harbor
9%
WisconsinPortageStockton
9%
New YorkChautauquaStockton
9%
New HampshireCheshireSwanzey
9%
WisconsinTaylorTaft
9%
New YorkEssexTiconderoga
9%
New HampshireCarrollTuftonboro
9%
MaineKnoxVinalhaven
9%
ConnecticutNew LondonVoluntown
9%
WisconsinMarathonWausau
9%
MassachusettsBarnstableWellfleet
9%
MassachusettsBerkshireWest Stockbridge
9%
ConnecticutNew HavenWoodbridge
9%
New HampshireSullivanAcworth
8%
MassachusettsBerkshireAlford
8%
New HampshireMerrimackAllenstown
8%
MassachusettsMiddlesexAshby
8%
VermontWindsorBaltimore
8%
ConnecticutLitchfieldBarkhamsted
8%
New HampshireCarrollBartlett
8%
ConnecticutNew HavenBeacon Falls
8%
MassachusettsBerkshireBecket
8%
MassachusettsBristolBerkley
8%
MassachusettsWorcesterBlackstone
8%
New HampshireMerrimackBoscawen
8%
MaineLincolnBremen
8%
VermontCaledoniaBurke
8%
WisconsinDaneBurke
8%
New YorkFranklinBurke
8%
VermontWashingtonCabot
8%
New HampshireRockinghamCandia
8%
New YorkPutnamCarmel
8%
MainePenobscotCarmel
8%
MaineFranklinCarrabassett Valley
8%
New HampshireBelknapCenter Harbor
8%
New YorkErieCheektowaga
8%
MaineHancockDeer Isle
8%
MassachusettsBristolDighton
8%
New YorkSchuylerDix
8%
MainePiscataquisDover-Foxcroft
8%
New HampshireMerrimackDunbarton
8%
MaineHancockEastbrook
8%
MassachusettsWorcesterEast Brookfield
8%
ConnecticutHartfordEast Granby
8%
ConnecticutTollandEllington
8%
WisconsinOutagamieEllington
8%
New YorkChautauquaEllington
8%
New HampshireMerrimackEpsom
8%
New YorkErieEvans
8%
WisconsinShawanoFairbanks
8%
VermontFranklinFairfax
8%
MaineAroostookFort Fairfield
8%
New YorkUlsterGardiner
8%
New HampshireHillsboroughGoffstown
8%
WisconsinVernonGreenwood
8%
WisconsinTaylorGreenwood
8%
New YorkSteubenGreenwood
8%
MaineOxfordGreenwood
8%
WisconsinSt. CroixHammond
8%
MaineAroostookHammond
8%
New YorkSt. LawrenceHammond
8%
New HampshireCarrollHart's Location
8%
New HampshireMerrimackHenniker
8%
WisconsinIowaHighland
8%
WisconsinDouglasHighland
8%
New YorkSullivanHighland
8%
New HampshireGraftonHolderness
8%
MaineSomersetJackman
8%
New HampshireCheshireJaffrey
8%
New YorkTompkinsLansing
8%
MaineAndroscogginLivermore Falls
8%
New HampshireMerrimackLoudon
8%
New YorkWayneLyons
8%
WisconsinWalworthLyons
8%
MaineWashingtonMachias
8%
New YorkCattaraugusMachias
8%
New YorkWestchesterMamaroneck
8%
MaineAroostookMars Hill
8%
MainePenobscotMedway
8%
MassachusettsNorfolkMedway
8%
WisconsinJacksonMelrose
8%
VermontRutlandMendon
8%
New YorkMonroeMendon
8%
MassachusettsWorcesterMendon
8%
MassachusettsNorfolkMillis
8%
MainePiscataquisMilo
8%
New YorkYatesMilo
8%
MassachusettsMiddlesexNatick
8%
WisconsinBuffaloNelson
8%
New YorkMadisonNelson
8%
New HampshireCheshireNelson
8%
New HampshireStraffordNew Durham
8%
New HampshireBelknapNew Hampton
8%
MaineAroostookNew Sweden
8%
ConnecticutNew HavenNorth Branford
8%
ConnecticutNew LondonNorth Stonington
8%
New HampshireRockinghamNorthwood
8%
MaineCumberlandNorth Yarmouth
8%
MassachusettsPlymouthNorwell
8%
WisconsinIronOma
8%
New YorkRocklandOrangetown
8%
WisconsinDaneOregon
8%
MaineOxfordOtisfield
8%
New YorkTiogaOwego
8%
MassachusettsWorcesterPaxton
8%
MassachusettsWorcesterPetersham
8%
MassachusettsPlymouthPlympton
8%
MaineWaldoProspect
8%
ConnecticutNew HavenProspect
8%
WisconsinSheboyganRhine
8%
New HampshireCheshireRindge
8%
ConnecticutHartfordRocky Hill
8%
New HampshireStraffordRollinsford
8%
WisconsinAshlandSanborn
8%
MassachusettsBerkshireSandisfield
8%
VermontAddisonShoreham
8%
New YorkDutchessStanford
8%
WisconsinGreen LakeSt. Marie
8%
MassachusettsWorcesterSturbridge
8%
New HampshireGraftonSugar Hill
8%
New HampshireSullivanSunapee
8%
New HampshireCarrollTamworth
8%
New HampshireHillsboroughTemple
8%
MaineFranklinTemple
8%
MassachusettsMiddlesexTownsend
8%
WisconsinOcontoTownsend
8%
MaineAndroscogginTurner
8%
New YorkDelawareWalton
8%
New YorkDutchessWappinger
8%
New HampshireGraftonWaterville Valley
8%
MainePiscataquisWellington
8%
WisconsinMonroeWellington
8%
New HampshireGraftonWentworth
8%
MassachusettsPlymouthWest Bridgewater
8%
MassachusettsWorcesterWest Brookfield
8%
WisconsinColumbiaWest Point
8%
VermontRutlandWest Rutland
8%
WisconsinVernonWhitestown
8%
New YorkOneidaWhitestown
8%
MassachusettsHampdenWilbraham
8%
MassachusettsHampshireWilliamsburg
8%
New YorkAlleganyWilling
8%
ConnecticutTollandWillington
8%
MaineKennebecWinslow
8%
WisconsinSaukWoodland
8%
MaineAroostookWoodland
8%
WisconsinTrempealeauAlbion
7%
WisconsinJacksonAlbion
7%
WisconsinDaneAlbion
7%
New YorkOrleansAlbion
7%
MaineKennebecAlbion
7%
New YorkOswegoAlbion
7%
VermontFranklinBakersfield
7%
WisconsinBayfieldBarnes
7%
New HampshireBelknapBarnstead
7%
MassachusettsHampshireBelchertown
7%
MaineKennebecBelgrade
7%
WisconsinRockBeloit
7%
New HampshireGraftonBenton
7%
New YorkYatesBenton
7%
MaineKennebecBenton
7%
WisconsinLafayetteBenton
7%
WisconsinGrantBloomington
7%
MassachusettsMiddlesexBoxborough
7%
ConnecticutNew LondonBozrah
7%
MainePenobscotBradley
7%
WisconsinLincolnBradley
7%
New YorkOnondagaCamillus
7%
New YorkSteubenCampbell
7%
WisconsinLa CrosseCampbell
7%
MaineFranklinCarthage
7%
MaineHancockCastine
7%
ConnecticutWindhamChaplin
7%
MassachusettsFranklinCharlemont
7%
WisconsinPolkClayton
7%
New YorkJeffersonClayton
7%
WisconsinWinnebagoClayton
7%
WisconsinCrawfordClayton
7%
New YorkSaratogaCorinth
7%
MainePenobscotCorinth
7%
VermontOrangeCorinth
7%
WisconsinWausharaDakota
7%
New YorkClintonDannemora
7%
New YorkOnondagaDe Witt
7%
MaineWashingtonEast Machias
7%
New YorkEssexElizabethtown
7%
New YorkDutchessFishkill
7%
MaineAroostookFrenchville
7%
WisconsinLincolnHarding
7%
ConnecticutLitchfieldHarwinton
7%
MassachusettsFranklinHeath
7%
New YorkCortlandHomer
7%
New YorkOntarioHopewell
7%
WisconsinChippewaHoward
7%
New YorkSteubenHoward
7%
MaineAroostookIsland Falls
7%
WisconsinRockJanesville
7%
New YorkSteubenJasper
7%
New YorkWarrenLake George
7%
MassachusettsBerkshireLanesborough
7%
MaineAroostookLimestone
7%
New YorkCayugaLocke
7%
New HampshireHillsboroughMason
7%
WisconsinBayfieldMason
7%
MassachusettsPlymouthMattapoisett
7%
New YorkMontgomeryMohawk
7%
MaineKennebecMonmouth
7%
New HampshireHillsboroughMont Vernon
7%
WisconsinOcontoMorgan
7%
VermontOrleansMorgan
7%
New YorkSt. LawrenceMorristown
7%
VermontLamoilleMorristown
7%
WisconsinForestNashville
7%
WisconsinLangladeNeva
7%
MaineSomersetNorridgewock
7%
Rhode IslandProvidenceNorth Smithfield
7%
MassachusettsWorcesterOakham
7%
New HampshireGraftonOrford
7%
MaineYorkParsonsfield
7%
New YorkMonroePittsford
7%
VermontRutlandPittsford
7%
VermontBenningtonPownal
7%
MaineCumberlandPownal
7%
New HampshireBelknapSanbornton
7%
MaineWaldoSearsport
7%
MassachusettsFranklinShutesbury
7%
MassachusettsHampdenSouthwick
7%
ConnecticutNew LondonSprague
7%
MaineAroostookSt. Agatha
7%
New YorkHerkimerStark
7%
New HampshireCoosStark
7%
WisconsinVernonStark
7%
New HampshireGraftonThornton
7%
New YorkFranklinTupper Lake
7%
MainePenobscotVeazie
7%
MassachusettsMiddlesexWayland
7%
New YorkSteubenWayland
7%
New HampshireHillsboroughWeare
7%
New YorkHerkimerWebb
7%
New YorkErieWest Seneca
7%
VermontWindsorWest Windsor
7%
MassachusettsHampshireWorthington
7%
New YorkChenangoAfton
5%
MaineWashingtonAlexander
5%
New YorkGeneseeAlexander
5%
WisconsinBurnettAnderson
5%
WisconsinIronAnderson
5%
MassachusettsFranklinAshfield
5%
VermontCaledoniaBarnet
5%
WisconsinOzaukeeBelgium
5%
WisconsinDouglasBennett
5%
VermontRutlandBenson
5%
New YorkHamiltonBenson
5%
MassachusettsFranklinBernardston
5%
New YorkSteubenCameron
5%
WisconsinWoodCameron
5%
New YorkCattaraugusCarrollton
5%
VermontRutlandCastleton
5%
New YorkMonroeChili
5%
New YorkOnondagaCicero
5%
WisconsinOutagamieCicero
5%
MassachusettsBerkshireClarksburg
5%
New YorkMonroeClarkson
5%
New YorkRocklandClarkstown
5%
New YorkErieCollins
5%
New YorkAlbanyColonie
5%
MaineHancockCranberry Isles
5%
New YorkAlleganyCuba
5%
New YorkSteubenDansville
5%
New HampshireHillsboroughDeering
5%
New YorkFranklinDickinson
5%
New YorkBroomeDickinson
5%
New YorkWashingtonDresden
5%
MaineLincolnDresden
5%
VermontWashingtonEast Montpelier
5%
New YorkMonroeEast Rochester
5%
WisconsinPierceEl Paso
5%
VermontFranklinEnosburgh
5%
WisconsinPolkEureka
5%
New YorkSullivanFallsburg
5%
MaineKennebecFarmingdale
5%
New YorkSaratogaGalway
5%
New YorkColumbiaGermantown
5%
WisconsinWashingtonGermantown
5%
WisconsinJuneauGermantown
5%
New YorkColumbiaGhent
5%
WisconsinMonroeGlendale
5%
WisconsinWoodGrand Rapids
5%
New YorkWestchesterGreenburgh
5%
New YorkAlbanyGreen Island
5%
VermontEssexGuildhall
5%
New YorkWarrenHague
5%
WisconsinTrempealeauHale
5%
New YorkMonroeHamlin
5%
MaineAroostookHamlin
5%
VermontCaledoniaHardwick
5%
MassachusettsWorcesterHardwick
5%
MassachusettsBarnstableHarwich
5%
WisconsinSawyerHayward
5%
New YorkJeffersonHenderson
5%
New YorkColumbiaHillsdale
5%
VermontChittendenHinesburg
5%
MainePenobscotHolden
5%
MassachusettsWorcesterHolden
5%
MassachusettsWorcesterHopedale
5%
WisconsinDodgeHubbard
5%
WisconsinRuskHubbard
5%
WisconsinBayfieldHughes
5%
New YorkGreeneHunter
5%
WisconsinSawyerHunter
5%
New YorkCayugaIra
5%
VermontRutlandIra
5%
WisconsinSaukIronton
5%
MaineKnoxIsle au Haut
5%
VermontGrand IsleIsle La Motte
5%
New YorkYatesItaly
5%
VermontWindhamJamaica
5%
VermontChittendenJericho
5%
MaineWashingtonJonesport
5%
WisconsinJuneauKildare
5%
WisconsinDouglasLakeside
5%
WisconsinOcontoLena
5%
WisconsinWausharaLeon
5%
WisconsinMonroeLeon
5%
New YorkCattaraugusLeon
5%
MassachusettsFranklinLeverett
5%
MaineYorkLimington
5%
WisconsinFlorenceLong Lake
5%
WisconsinWashburnLong Lake
5%
New YorkHamiltonLong Lake
5%
WisconsinColumbiaLowville
5%
New YorkLewisLowville
5%
WisconsinKewauneeLuxemburg
5%
New YorkWayneMacedon
5%
WisconsinDouglasMaple
5%
WisconsinRichlandMarshall
5%
New YorkOneidaMarshall
5%
WisconsinRuskMarshall
5%
WisconsinPolkMilltown
5%
WisconsinOcontoMountain
5%
New YorkWestchesterMount Kisco
5%
MassachusettsBerkshireNew Ashford
5%
MaineAroostookNew Canada
5%
New YorkSchenectadyNiskayuna
5%
MaineHancockOrland
5%
New YorkMonroePenfield
5%
MassachusettsMiddlesexPepperell
5%
New YorkFultonPerth
5%
VermontRutlandProctor
5%
VermontWindhamPutney
5%
MassachusettsBristolRaynham
5%
New YorkWayneRose
5%
WisconsinWausharaRose
5%
WisconsinForestRoss
5%
New HampshireGraftonRumney
5%
New YorkCattaraugusSalamanca
5%
New YorkUlsterSaugerties
5%
New YorkWyomingSheldon
5%
WisconsinMonroeSheldon
5%
VermontFranklinSheldon
5%
MassachusettsMiddlesexSherborn
5%
New YorkChautauquaSheridan
5%
WisconsinDunnSheridan
5%
VermontWindhamStratton
5%
VermontFranklinSwanton
5%
MassachusettsWorcesterTempleton
5%
WisconsinMonroeTomah
5%
VermontOrangeTunbridge
5%
New YorkOrangeTuxedo
5%
MassachusettsBerkshireTyringham
5%
MassachusettsWorcesterUpton
5%
MaineOxfordUpton
5%
VermontCaledoniaWalden
5%
New YorkAlleganyWard
5%
New YorkWarrenWarrensburg
5%
MaineSagadahocWest Bath
5%
MassachusettsDukesWest Tisbury
5%
New YorkWayneWilliamson
5%
VermontChittendenWilliston
5%
MaineWaldoWinterport
5%
VermontBenningtonWoodford
5%
MassachusettsNorfolkWrentham
5%
New YorkWayneArcadia
4%
WisconsinTrempealeauArcadia
4%
New YorkWyomingAttica
4%
New YorkSteubenAvoca
4%
New YorkChenangoBainbridge
4%
WisconsinSaukBaraboo
4%
WisconsinBuffaloBelvidere
4%
VermontLamoilleBelvidere
4%
WisconsinVernonBergen
4%
New YorkGeneseeBergen
4%
WisconsinMarathonBergen
4%
MassachusettsHampdenBlandford
4%
MaineHancockBlue Hill
4%
New YorkOswegoBoylston
4%
MassachusettsWorcesterBoylston
4%
MaineOxfordBrownfield
4%
WisconsinTaylorBrowning
4%
New YorkJeffersonBrownville
4%
MainePiscataquisBrownville
4%
New YorkWayneButler
4%
WisconsinClarkButler
4%
New YorkTompkinsCaroline
4%
WisconsinManitowocCato
4%
New YorkCayugaCato
4%
New YorkMadisonCazenovia
4%
MassachusettsFranklinColrain
4%
New YorkSt. LawrenceColton
4%
New YorkBroomeConklin
4%
VermontOrleansCraftsbury
4%
WisconsinLafayetteDarlington
4%
New YorkDelawareDavenport
4%
New YorkSt. LawrenceDe Kalb
4%
New YorkDelawareDeposit
4%
New YorkTompkinsDryden
4%
VermontWindhamDummerston
4%
MaineAroostookEagle Lake
4%
WisconsinCrawfordEastman
4%
New YorkSt. LawrenceEdwards
4%
MassachusettsBerkshireEgremont
4%
New YorkGeneseeElba
4%
WisconsinDodgeElba
4%
WisconsinFond du LacEldorado
4%
MassachusettsFranklinErving
4%
MaineFranklinEustis
4%
VermontOrangeFairlee
4%
WisconsinFlorenceFern
4%
New YorkCayugaFleming
4%
VermontFranklinFletcher
4%
WisconsinFond du LacFriendship
4%
New YorkAlleganyFriendship
4%
MaineKnoxFriendship
4%
MainePenobscotGarland
4%
WisconsinAshlandGordon
4%
WisconsinDouglasGordon
4%
WisconsinSheboyganGreenbush
4%
MainePenobscotGreenbush
4%
WisconsinMarinetteGrover
4%
WisconsinTaylorGrover
4%
WisconsinWoodHansen
4%
New HampshireCheshireHarrisville
4%
New YorkRocklandHaverstraw
4%
MassachusettsFranklinHawley
4%
New YorkSt. LawrenceHermon
4%
MainePenobscotHermon
4%
WisconsinShawanoHutchins
4%
New YorkHamiltonIndian Lake
4%
WisconsinWaupacaIola
4%
VermontOrleansIrasburg
4%
WisconsinJacksonIrving
4%
WisconsinBayfieldKelly
4%
New YorkColumbiaKinderhook
4%
WisconsinPolkLaketown
4%
VermontEssexLemington
4%
New YorkLewisLeyden
4%
MassachusettsFranklinLeyden
4%
MaineWaldoLincolnville
4%
WisconsinWaupacaLind
4%
WisconsinColumbiaLodi
4%
New YorkSenecaLodi
4%
MaineOxfordLovell
4%
WisconsinDunnLucas
4%
New YorkOnondagaManlius
4%
MainePenobscotMattawamkeag
4%
WisconsinDunnMenomonie
4%
WisconsinLincolnMerrill
4%
MaineAroostookMerrill
4%
MassachusettsWorcesterMillbury
4%
WisconsinLafayetteMonticello
4%
MaineAroostookMonticello
4%
New YorkSchuylerMontour
4%
WisconsinBrownMorrison
4%
New YorkLivingstonMount Morris
4%
WisconsinWausharaMount Morris
4%
New YorkWestchesterMount Pleasant
4%
WisconsinGreenMount Pleasant
4%
VermontRutlandMount Tabor
4%
New YorkEssexNewcomb
4%
New YorkNiagaraNewfane
4%
VermontWindhamNewfane
4%
New HampshireHillsboroughNew Ipswich
4%
New YorkTiogaNichols
4%
New YorkLewisOsceola
4%
WisconsinFond du LacOsceola
4%
WisconsinPolkOsceola
4%
MaineKnoxOwls Head
4%
VermontCaledoniaPeacham
4%
WisconsinLangladePeck
4%
WisconsinIronPence
4%
WisconsinVilasPhelps
4%
New YorkOntarioPhelps
4%
New HampshireGraftonPiermont
4%
New YorkOnondagaPompey
4%
WisconsinOzaukeePort Washington
4%
VermontRutlandPoultney
4%
WisconsinKewauneeRed River
4%
WisconsinWausharaRichford
4%
New YorkTiogaRichford
4%
VermontFranklinRichford
4%
MassachusettsWorcesterRoyalston
4%
VermontWindsorRoyalton
4%
New YorkNiagaraRoyalton
4%
WisconsinWaupacaRoyalton
4%
VermontBenningtonRupert
4%
New YorkHerkimerRussia
4%
New YorkOnondagaSalina
4%
New YorkErieSardinia
4%
MassachusettsBerkshireSavoy
4%
MaineYorkShapleigh
4%
New YorkSuffolkShelter Island
4%
WisconsinClarkSherwood
4%
MassachusettsMiddlesexShirley
4%
MainePiscataquisShirley
4%
New YorkChenangoSmithville
4%
New YorkWayneSodus
4%
New YorkSuffolkSouthold
4%
WisconsinRockSpring Valley
4%
WisconsinBarronStanley
4%
VermontCaledoniaStannard
4%
WisconsinDunnStanton
4%
WisconsinSt. CroixStanton
4%
MaineAroostookSt. Francis
4%
WisconsinSt. CroixSt. Joseph
4%
New YorkColumbiaStockport
4%
WisconsinDoorSturgeon Bay
4%
WisconsinDouglasSummit
4%
WisconsinLangladeSummit
4%
New YorkSchoharieSummit
4%
WisconsinJuneauSummit
4%
New HampshireCheshireSurry
4%
MaineHancockSurry
4%
WisconsinOneidaThree Lakes
4%
WisconsinLincolnTomahawk
4%
New YorkOnondagaTully
4%
New YorkSteubenTuscarora
4%
WisconsinOcontoUnderhill
4%
VermontChittendenUnderhill
4%
MaineWaldoUnity
4%
WisconsinClarkUnity
4%
WisconsinTrempealeauUnity
4%
New HampshireSullivanUnity
4%
VermontOrangeVershire
4%
New YorkBroomeVestal
4%
MaineYorkWaterboro
4%
MassachusettsFranklinWendell
4%
WisconsinWashingtonWest Bend
4%
MassachusettsWorcesterWest Boylston
4%
WisconsinVernonWheatland
4%
New YorkMonroeWheatland
4%
WisconsinKenoshaWheatland
4%
WisconsinWalworthWhitewater
4%
MaineWashingtonWhiting
4%
VermontAddisonWhiting
4%
MaineSagadahocWoolwich
4%
New YorkCattaraugusYorkshire
4%
MainePiscataquisAbbot
3%
WisconsinMonroeAdrian
3%
New YorkGeneseeAlabama
3%
New HampshireCheshireAlstead
3%
New YorkAlleganyAngelica
3%
WisconsinShawanoAngelica
3%
New HampshireHillsboroughAntrim
3%
New YorkWashingtonArgyle
3%
WisconsinLafayetteArgyle
3%
WisconsinJuneauArmenia
3%
New YorkCayugaAurelius
3%
VermontEssexAverill
3%
WisconsinDoorBaileys Harbor
3%
MaineWashingtonBaileyville
3%
New YorkBroomeBarker
3%
VermontWindsorBarnard
3%
MaineWashingtonBeddington
3%
WisconsinMarinetteBeecher
3%
WisconsinDaneBerry
3%
WisconsinChippewaBloomer
3%
New YorkAlleganyBolivar
3%
New YorkOneidaBoonville
3%
MaineSagadahocBowdoin
3%
MaineSagadahocBowdoinham
3%
VermontAddisonBridport
3%
WisconsinIowaBrigham
3%
MassachusettsHampdenBrimfield
3%
MaineWaldoBrooks
3%
MassachusettsFranklinBuckland
3%
WisconsinLa CrosseBurns
3%
New YorkAlleganyBurns
3%
WisconsinFond du LacByron
3%
WisconsinMonroeByron
3%
MaineOxfordByron
3%
New YorkGeneseeByron
3%
New YorkNiagaraCambria
3%
WisconsinKewauneeCarlton
3%
New YorkOrleansCarlton
3%
MassachusettsPlymouthCarver
3%
WisconsinWoodCary
3%
WisconsinForestCaswell
3%
MaineAroostookCaswell
3%
VermontWindsorCavendish
3%
WisconsinRuskCedar Rapids
3%
WisconsinManitowocCenterville
3%
New YorkAlleganyCenterville
3%
New YorkClintonChazy
3%
MaineCumberlandChebeague Island
3%
MaineWashingtonCherryfield
3%
MassachusettsDukesChilmark
3%
WisconsinCalumetChilton
3%
New YorkErieClarence
3%
New YorkOrleansClarendon
3%
VermontRutlandClarendon
3%
WisconsinEau ClaireClear Creek
3%
WisconsinJuneauClearfield
3%
WisconsinPolkClear Lake
3%
New YorkSaratogaClifton Park
3%
WisconsinIowaClyde
3%
New YorkSchoharieCobleskill
3%
WisconsinAdamsColburn
3%
WisconsinChippewaColburn
3%
WisconsinClarkColby
3%
New YorkBroomeColesville
3%
WisconsinDunnColfax
3%
New YorkLivingstonConesus
3%
WisconsinVernonCoon
3%
New YorkWestchesterCortlandt
3%
New YorkCortlandCortlandville
3%
WisconsinColumbiaCourtland
3%
WisconsinBuffaloCross
3%
MassachusettsHampshireCummington
3%
MaineWashingtonCutler
3%
WisconsinJuneauCutler
3%
VermontRutlandDanby
3%
New YorkTompkinsDanby
3%
WisconsinGreenDecatur
3%
New YorkOtsegoDecatur
3%
WisconsinChippewaDelmar
3%
WisconsinBayfieldDelta
3%
MaineOxfordDixfield
3%
WisconsinOcontoDoty
3%
WisconsinBarronDoyle
3%
New YorkFranklinDuane
3%
New YorkSchenectadyDuanesburg
3%
WisconsinChippewaEagle Point
3%
New YorkRensselaerEast Greenbush
3%
WisconsinWalworthEast Troy
3%
WisconsinDoorEgg Harbor
3%
New YorkOnondagaElbridge
3%
WisconsinLafayetteElk Grove
3%
VermontLamoilleElmore
3%
WisconsinPriceEmery
3%
WisconsinFond du LacEmpire
3%
WisconsinWashburnEvergreen
3%
WisconsinLangladeEvergreen
3%
New YorkOnondagaFabius
3%
New YorkBroomeFenton
3%
VermontEssexFerdinand
3%
VermontAddisonFerrisburgh
3%
New HampshireCheshireFitzwilliam
3%
WisconsinDoorForestville
3%
WisconsinTrempealeauGale
3%
New YorkOnondagaGeddes
3%
WisconsinDoorGibraltar
3%
WisconsinManitowocGibson
3%
WisconsinOcontoGillett
3%
VermontBenningtonGlastenbury
3%
WisconsinBayfieldGrandview
3%
WisconsinBurnettGrantsburg
3%
WisconsinShawanoGreen Valley
3%
WisconsinMarathonGreen Valley
3%
New YorkAlbanyGuilderland
3%
WisconsinTaylorHammel
3%
New YorkOswegoHannibal
3%
New YorkOswegoHastings
3%
MassachusettsHampshireHatfield
3%
WisconsinRuskHawkins
3%
WisconsinMarathonHewitt
3%
VermontFranklinHighgate
3%
New YorkRensselaerHoosick
3%
MainePenobscotHowland
3%
MassachusettsWorcesterHubbardston
3%
New YorkUlsterHurley
3%
WisconsinBayfieldIron River
3%
WisconsinPierceIsabelle
3%
WisconsinDoorJacksonport
3%
WisconsinAshlandJacobs
3%
New YorkGreeneJewett
3%
MaineWashingtonJonesboro
3%
WisconsinGreenJordan
3%
MainePenobscotKenduskeag
3%
New YorkWashingtonKingsbury
3%
New YorkBroomeKirkwood
3%
WisconsinIronKnight
3%
WisconsinMarathonKnowlton
3%
New HampshireGraftonLandaff
3%
VermontBenningtonLandgrove
3%
WisconsinVilasLand O'Lakes
3%
New YorkBroomeLisle
3%
New YorkUlsterLloyd
3%
WisconsinClarkLongwood
3%
WisconsinPolkLuck
3%
MaineYorkLyman
3%
New HampshireGraftonLyman
3%
WisconsinOneidaLynne
3%
VermontEssexMaidstone
3%
New YorkSaratogaMalta
3%
New YorkOnondagaMarcellus
3%
New YorkLewisMartinsburg
3%
New YorkOtsegoMaryland
3%
WisconsinClarkMayville
3%
WisconsinDaneMazomanie
3%
MaineAndroscogginMechanic Falls
3%
WisconsinWaukeshaMerton
3%
VermontRutlandMiddletown Springs
3%
WisconsinJacksonMillston
3%
WisconsinSheboyganMitchell
3%
WisconsinBuffaloModena
3%
MainePiscataquisMonson
3%
MassachusettsHampdenMonson
3%
WisconsinBuffaloMontana
3%
New YorkCayugaMontezuma
3%
New YorkCayugaMoravia
3%
VermontRutlandMount Holly
3%
New YorkOrleansMurray
3%
WisconsinWinnebagoNeenah
3%
New YorkChenangoNew Berlin
3%
MassachusettsWorcesterNew Braintree
3%
WisconsinAdamsNew Chester
3%
WisconsinGreenNew Glarus
3%
MaineCumberlandNew Gloucester
3%
WisconsinMonroeNew Lyme
3%
MaineOxfordNewry
3%
New YorkCayugaNiles
3%
WisconsinJacksonNorth Bend
3%
New YorkLivingstonNorth Dansville
3%
New YorkEssexNorth Elba
3%
New YorkRensselaerNorth Greenbush
3%
WisconsinMonroeOakdale
3%
MaineAroostookOakfield
3%
New YorkGeneseeOakfield
3%
WisconsinFond du LacOakfield
3%
WisconsinWaukeshaOconomowoc
3%
New YorkUlsterOlive
3%
WisconsinWinnebagoOmro
3%
New YorkFultonOppenheim
3%
MaineAroostookOrient
3%
MainePenobscotOrrington
3%
VermontAddisonOrwell
3%
New YorkOswegoOrwell
3%
MaineHancockOsborn
3%
WisconsinOutagamieOsborn
3%
New YorkOnondagaOtisco
3%
New YorkSenecaOvid
3%
New YorkCayugaOwasco
3%
New YorkOrangePalm Tree
3%
VermontAddisonPanton
3%
WisconsinLangladeParrish
3%
MainePenobscotPassadumkeag
3%
New YorkPutnamPatterson
3%
VermontRutlandPawlet
3%
WisconsinMarinettePembine
3%
New YorkMonroePerinton
3%
WisconsinMarinettePeshtigo
3%
MaineSagadahocPhippsburg
3%
New YorkWyomingPike
3%
WisconsinPortagePine Grove
3%
MaineKennebecPittston
3%
WisconsinGrantPlatteville
3%
New YorkYatesPotter
3%
WisconsinCrawfordPrairie du Chien
3%
New YorkCortlandPreble
3%
WisconsinDanePrimrose
3%
New YorkWarrenQueensbury
3%
VermontBenningtonReadsboro
3%
WisconsinMarathonReid
3%
WisconsinWoodRemington
3%
New YorkOneidaRemsen
3%
New YorkDutchessRhinebeck
3%
WisconsinWoodRichfield
3%
WisconsinAdamsRichfield
3%
New YorkOtsegoRichfield
3%
New YorkOrleansRidgeway
3%
WisconsinIowaRidgeway
3%
New YorkMonroeRiga
3%
VermontAddisonRipton
3%
New YorkSenecaRomulus
3%
MassachusettsFranklinRowe
3%
WisconsinWoodRudolph
3%
WisconsinChippewaSampson
3%
WisconsinIronSaxon
3%
New YorkAlleganyScio
3%
VermontBenningtonSearsburg
3%
New YorkCayugaSempronius
3%
New YorkCayugaSennett
3%
WisconsinDoorSevastopol
3%
VermontBenningtonShaftsbury
3%
New YorkOrleansShelby
3%
WisconsinLa CrosseShelby
3%
New YorkDelawareSidney
3%
MaineKennebecSidney
3%
New YorkOnondagaSkaneateles
3%
New YorkCortlandSolon
3%
MaineSomersetSolon
3%
New YorkPutnamSoutheast
3%
New YorkOnondagaSpafford
3%
WisconsinWashburnSpooner
3%
WisconsinDaneSpringdale
3%
WisconsinAdamsSpringville
3%
MaineSomersetStarks
3%
VermontAddisonStarksboro
3%
WisconsinMarinetteStephenson
3%
New YorkMontgomerySt. Johnsville
3%
New YorkRocklandStony Point
3%
MaineFranklinStrong
3%
New YorkCayugaSummerhill
3%
New YorkJeffersonTheresa
3%
WisconsinDodgeTheresa
3%
VermontOrangeThetford
3%
WisconsinClarkThorp
3%
New YorkCayugaThroop
3%
WisconsinChippewaTilden
3%
VermontRutlandTinmouth
3%
New YorkBroomeTriangle
3%
New YorkTompkinsUlysses
3%
MaineWashingtonVanceboro
3%
New YorkChemungVan Etten
3%
New YorkCayugaVictory
3%
VermontEssexVictory
3%
WisconsinVernonViroqua
3%
VermontWashingtonWaitsfield
3%
MaineLincolnWaldoboro
3%
VermontWindhamWardsboro
3%
New YorkFranklinWaverly
3%
New YorkAlleganyWellsville
3%
VermontOrangeWest Fairlee
3%
MaineKennebecWest Gardiner
3%
VermontAddisonWeybridge
3%
MassachusettsFranklinWhately
3%
New YorkNiagaraWheatfield
3%
WisconsinChippewaWheaton
3%
New YorkWashingtonWhitehall
3%
VermontWindhamWhitingham
3%
WisconsinMarathonWien
3%
WisconsinRuskWilkinson
3%
WisconsinRichlandWillow
3%
New HampshireMerrimackWilmot
3%
MassachusettsWorcesterWinchendon
3%
New YorkHerkimerWinfield
3%
WisconsinSaukWinfield
3%
MaineHancockWinter Harbor
3%
WisconsinOneidaWoodboro
3%
MainePenobscotWoodville
3%
WisconsinCalumetWoodville
3%
New YorkSchoharieWright
3%
WisconsinOcontoAbrams
1%
WisconsinLangladeAckley
1%
WisconsinAshlandAgenda
1%
WisconsinKewauneeAhnapee
1%
WisconsinLangladeAinsworth
1%
WisconsinRichlandAkan
1%
New YorkErieAlden
1%
WisconsinPolkAlden
1%
WisconsinWinnebagoAlgoma
1%
WisconsinJacksonAlma
1%
New YorkAlleganyAlma
1%
WisconsinBuffaloAlma
1%
WisconsinBarronAlmena
1%
WisconsinShawanoAlmon
1%
WisconsinPortageAlmond
1%
New YorkAlleganyAlmond
1%
New YorkClintonAltona
1%
WisconsinForestAlvin
1%
WisconsinMarinetteAmberg
1%
New YorkDutchessAmenia
1%
MaineAroostookAmity
1%
New YorkAlleganyAmity
1%
WisconsinDouglasAmnicon
1%
New YorkColumbiaAncram
1%
WisconsinMonroeAngelo
1%
WisconsinShawanoAniwa
1%
WisconsinLangladeAntigo
1%
WisconsinPolkApple River
1%
WisconsinVilasArbor Vitae
1%
New YorkWyomingArcade
1%
WisconsinIowaArena
1%
WisconsinForestArgonne
1%
WisconsinBarronArland
1%
WisconsinForestArmstrong Creek
1%
WisconsinWoodArpin
1%
WisconsinDodgeAshippun
1%
WisconsinMarinetteAthelstane
1%
WisconsinWoodAuburndale
1%
New YorkColumbiaAusterlitz
1%
WisconsinJeffersonAztalan
1%
WisconsinOcontoBagley
1%
New YorkSaratogaBallston
1%
WisconsinPolkBalsam Lake
1%
WisconsinBayfieldBarksdale
1%
WisconsinWashburnBarronett
1%
WisconsinShawanoBartelme
1%
WisconsinWashburnBashaw
1%
WisconsinWashburnBass Lake
1%
WisconsinSawyerBass Lake
1%
WisconsinBayfieldBayview
1%
MaineWashingtonBeals
1%
WisconsinJacksonBear Bluff
1%
WisconsinWaupacaBear Creek
1%
WisconsinSaukBear Creek
1%
WisconsinBarronBear Lake
1%
WisconsinWashburnBeaver Brook
1%
WisconsinDodgeBeaver Dam
1%
WisconsinGrantBeetown
1%
WisconsinShawanoBelle Plaine
1%
WisconsinMarathonBevent
1%
WisconsinRuskBig Bend
1%
WisconsinRuskBig Falls
1%
New YorkChemungBig Flats
1%
WisconsinAdamsBig Flats
1%
WisconsinLincolnBirch
1%
WisconsinChippewaBirch Creek
1%
WisconsinWashburnBirchwood
1%
WisconsinShawanoBirnamwood
1%
WisconsinPolkBlack Brook
1%
New YorkClintonBlack Brook
1%
WisconsinOutagamieBlack Creek
1%
WisconsinDaneBlack Earth
1%
WisconsinForestBlackwell
1%
WisconsinWinnebagoBlack Wolf
1%
MaineAroostookBlaine
1%
WisconsinBurnettBlaine
1%
WisconsinLafayetteBlanchard
1%
WisconsinDaneBlooming Grove
1%
New YorkOrangeBlooming Grove
1%
WisconsinDaneBlue Mounds
1%
New YorkFranklinBombay
1%
WisconsinPolkBone Lake
1%
WisconsinGrantBoscobel
1%
WisconsinVilasBoulder Junction
1%
New YorkDelawareBovina
1%
WisconsinOutagamieBovina
1%
New YorkErieBrant
1%
New YorkSt. LawrenceBrasher
1%
WisconsinOcontoBrazeau
1%
WisconsinOcontoBreed
1%
WisconsinEau ClaireBridge Creek
1%
WisconsinCalumetBrillion
1%
WisconsinJacksonBrockway
1%
WisconsinCalumetBrothertown
1%
VermontOrleansBrownington
1%
WisconsinDouglasBrule
1%
New YorkCayugaBrutus
1%
MaineOxfordBuckfield
1%
WisconsinPortageBuena Vista
1%
WisconsinRichlandBuena Vista
1%
WisconsinTrempealeauBurnside
1%
WisconsinBayfieldCable
1%
WisconsinGreenCadiz
1%
WisconsinSt. CroixCady
1%
WisconsinDodgeCalamus
1%
New YorkSullivanCallicoon
1%
New YorkSteubenCanisteo
1%
WisconsinIronCarey
1%
WisconsinWashburnCasey
1%
WisconsinMarathonCassel
1%
WisconsinOneidaCassian
1%
WisconsinGrantCassville
1%
WisconsinGrantCastle Rock
1%
WisconsinPriceCatawba
1%
WisconsinOzaukeeCedarburg
1%
WisconsinBarronCedar Lake
1%
WisconsinOcontoChase
1%
New YorkFranklinChateaugay
1%
MaineFranklinChesterville
1%
WisconsinBarronChetek
1%
WisconsinWashburnChicog
1%
WisconsinTrempealeauChimney Rock
1%
WisconsinDaneChristiana
1%
WisconsinVernonChristiana
1%
WisconsinJacksonCity Point
1%
WisconsinPolkClam Falls
1%
WisconsinGreenClarno
1%
WisconsinDoorClay Banks
1%
WisconsinBayfieldClover
1%
WisconsinDouglasCloverland
1%
WisconsinVilasCloverland
1%
WisconsinDodgeClyman
1%
New YorkSullivanCochecton
1%
New YorkSteubenCohocton
1%
New YorkCattaraugusColdspring
1%
WisconsinJeffersonCold Spring
1%
WisconsinWausharaColoma
1%
MaineWashingtonColumbia Falls
1%
WisconsinFlorenceCommonwealth
1%
WisconsinVilasConover
1%
New YorkOswegoConstantia
1%
WisconsinChippewaCooks Valley
1%
New YorkColumbiaCopake
1%
MainePenobscotCorinna
1%
MaineSomersetCornville
1%
WisconsinDaneCottage Grove
1%
WisconsinSawyerCouderay
1%
New YorkWyomingCovington
1%
New YorkGreeneCoxsackie
1%
WisconsinForestCrandon
1%
WisconsinWoodCranmoor
1%
WisconsinOneidaCrescent
1%
WisconsinDaneCross Plains
1%
MaineAroostookCrystal
1%
WisconsinWashburnCrystal
1%
WisconsinMarquetteCrystal Lake
1%
WisconsinBarronCrystal Lake
1%
WisconsinJacksonCurran
1%
MaineKnoxCushing
1%
New YorkCortlandCuyler
1%
WisconsinSt. CroixCylon
1%
WisconsinDouglasDairyland
1%
MaineWashingtonDanforth
1%
New YorkHerkimerDanube
1%
WisconsinTaylorDeer Creek
1%
WisconsinOutagamieDeer Creek
1%
WisconsinColumbiaDekorra
1%
WisconsinWaukeshaDelafield
1%
WisconsinWalworthDelavan
1%
WisconsinSaukDellona
1%
WisconsinAdamsDell Prairie
1%
WisconsinSaukDelton
1%
WisconsinPortageDewey
1%
WisconsinRuskDewey
1%
WisconsinBurnettDewey
1%
WisconsinClarkDewhurst
1%
WisconsinPierceDiamond Bluff
1%
New YorkLewisDiana
1%
MainePenobscotDixmont
1%
WisconsinIowaDodgeville
1%
WisconsinBarronDovre
1%
WisconsinEau ClaireDrammen
1%
WisconsinSawyerDraper
1%
WisconsinBayfieldDrummond
1%
WisconsinWaupacaDupont
1%
WisconsinPepinDurand
1%
New YorkOntarioEast Bloomfield
1%
New YorkDutchessEast Fishkill
1%
WisconsinSt. CroixEau Galle
1%
WisconsinDunnEau Galle
1%
WisconsinPortageEau Pleine
1%
WisconsinMarathonEau Pleine
1%
MainePenobscotEddington
1%
WisconsinSawyerEdgewater
1%
WisconsinChippewaEdson
1%
WisconsinBayfieldEileen
1%
WisconsinPriceEisenstein
1%
WisconsinLangladeElcho
1%
WisconsinMarathonElderon
1%
WisconsinDunnElk Mound
1%
WisconsinGrantEllenboro
1%
New YorkChautauquaEllicott
1%
New YorkCattaraugusEllicottville
1%
MaineSomersetEmbden
1%
WisconsinSt. CroixEmerald
1%
WisconsinDodgeEmmet
1%
WisconsinMarathonEmmet
1%
WisconsinOneidaEnterprise
1%
New YorkFultonEphratah
1%
WisconsinWashingtonErin
1%
New YorkChemungErin
1%
WisconsinSt. CroixErin Prairie
1%
WisconsinChippewaEstella
1%
MainePenobscotEtna
1%
WisconsinTrempealeauEttrick
1%
WisconsinSaukExcelsior
1%
WisconsinEau ClaireFairchild
1%
VermontWashingtonFayston
1%
WisconsinFlorenceFence
1%
WisconsinGrantFennimore
1%
WisconsinPriceFifield
1%
WisconsinJuneauFinley
1%
WisconsinRuskFlambeau
1%
WisconsinPriceFlambeau
1%
New YorkOneidaForestport
1%
WisconsinColumbiaFort Winnebago
1%
WisconsinJuneauFountain
1%
WisconsinColumbiaFountain Prairie
1%
WisconsinDodgeFox Lake
1%
New HampshireHillsboroughFrancestown
1%
WisconsinMarathonFranzen
1%
WisconsinCrawfordFreeman
1%
WisconsinWashburnFrog Creek
1%
MaineCumberlandFrye Island
1%
New YorkOrleansGaines
1%
New YorkWyomingGainesville
1%
WisconsinJacksonGarden Valley
1%
WisconsinShawanoGermania
1%
New HampshireCheshireGilsum
1%
WisconsinAshlandGingles
1%
WisconsinBuffaloGlencoe
1%
WisconsinGrantGlen Haven
1%
WisconsinBrownGlenmore
1%
New YorkSchenectadyGlenville
1%
WisconsinSt. CroixGlenwood
1%
WisconsinChippewaGoetz
1%
WisconsinMarinetteGoodman
1%
WisconsinTaylorGoodrich
1%
WisconsinOutagamieGrand Chute
1%
WisconsinLafayetteGratiot
1%
WisconsinClarkGreen Grove
1%
New YorkColumbiaGreenport
1%
WisconsinRuskGrow
1%
WisconsinMarathonGuenther
1%
WisconsinWashburnGull Lake
1%
WisconsinIronGurney
1%
WisconsinPriceHackett
1%
WisconsinChippewaHallie
1%
WisconsinMarathonHalsey
1%
WisconsinCrawfordHaney
1%
New YorkCortlandHarford
1%
New YorkChautauquaHarmony
1%
WisconsinVernonHarmony
1%
MaineSomersetHarmony
1%
WisconsinRockHarmony
1%
WisconsinPriceHarmony
1%
MaineWashingtonHarrington
1%
New YorkOtsegoHartwick
1%
WisconsinDouglasHawthorne
1%
WisconsinDunnHay River
1%
WisconsinGrantHazel Green
1%
WisconsinOneidaHazelhurst
1%
New YorkSchuylerHector
1%
WisconsinWaupacaHelvetia
1%
WisconsinClarkHendren
1%
WisconsinSheboyganHerman
1%
WisconsinShawanoHerman
1%
WisconsinDodgeHerman
1%
WisconsinClarkHewett
1%
WisconsinGrantHickory Grove
1%
New YorkOrangeHighlands
1%
WisconsinWoodHiles
1%
WisconsinForestHiles
1%
WisconsinClarkHixon
1%
WisconsinJacksonHixton
1%
WisconsinClarkHoard
1%
MaineAroostookHodgdon
1%
WisconsinMarathonHolton
1%
WisconsinTaylorHolway
1%
WisconsinFlorenceHomestead
1%
WisconsinSaukHoney Creek
1%
New YorkSteubenHornellsville
1%
WisconsinOutagamieHortonia
1%
VermontRutlandHubbardton
1%
WisconsinBrownHumboldt
1%
New YorkAlleganyHume
1%
WisconsinDodgeHustisford
1%
MaineWaldoIslesboro
1%
WisconsinJeffersonIxonia
1%
WisconsinTaylorJump River
1%
New YorkSenecaJunius
1%
WisconsinOutagamieKaukauna
1%
WisconsinLafayetteKendall
1%
New YorkOrleansKendall
1%
WisconsinPriceKennan
1%
WisconsinWashingtonKewaskum
1%
WisconsinBayfieldKeystone
1%
WisconsinVernonKickapoo
1%
WisconsinIronKimball
1%
MaineFranklinKingfield
1%
WisconsinSt. CroixKinnickinnic
1%
VermontCaledoniaKirby
1%
WisconsinJacksonKnapp
1%
WisconsinJacksonKomensky
1%
WisconsinJeffersonKoshkonong
1%
WisconsinManitowocKossuth
1%
WisconsinVilasLac du Flambeau
1%
WisconsinBurnettLa Follette
1%
New YorkDutchessLa Grange
1%
WisconsinMonroeLa Grange
1%
WisconsinWalworthLa Grange
1%
MainePenobscotLagrange
1%
WisconsinChippewaLake Holcombe
1%
WisconsinJeffersonLake Mills
1%
WisconsinOneidaLake Tomahawk
1%
WisconsinFond du LacLamartine
1%
WisconsinLafayetteLamont
1%
WisconsinPortageLanark
1%
WisconsinForestLaona
1%
New YorkCortlandLapeer
1%
WisconsinAshlandLa Pointe
1%
WisconsinRockLa Prairie
1%
WisconsinWaupacaLarrabee
1%
WisconsinSaukLa Valle
1%
WisconsinBrownLedgeview
1%
WisconsinJuneauLemonweir
1%
WisconsinSawyerLenroot
1%
WisconsinAdamsLeola
1%
New YorkGeneseeLe Roy
1%
WisconsinDodgeLeroy
1%
WisconsinShawanoLessor
1%
WisconsinClarkLevis
1%
WisconsinDoorLiberty Grove
1%
WisconsinIowaLinden
1%
WisconsinJuneauLindina
1%
New YorkSteubenLindley
1%
WisconsinWalworthLinn
1%
WisconsinPortageLinwood
1%
WisconsinTaylorLittle Black
1%
WisconsinGrantLittle Grant
1%
WisconsinOneidaLittle Rice
1%
WisconsinOcontoLittle River
1%
WisconsinOcontoLittle Suamico
1%
WisconsinWaupacaLittle Wolf
1%
New YorkLivingstonLivonia
1%
WisconsinDodgeLomira
1%
WisconsinPolkLorain
1%
WisconsinClarkLoyal
1%
WisconsinEau ClaireLudington
1%
New YorkOnondagaLysander
1%
WisconsinGreen LakeMackford
1%
WisconsinWashburnMadge
1%
WisconsinRockMagnolia
1%
WisconsinPierceMaiden Rock
1%
WisconsinVilasManitowish Waters
1%
WisconsinManitowocManitowoc Rapids
1%
WisconsinOutagamieMaple Creek
1%
WisconsinManitowocMaple Grove
1%
WisconsinBarronMaple Grove
1%
WisconsinShawanoMaple Grove
1%
WisconsinTaylorMaplehurst
1%
WisconsinBarronMaple Plain
1%
MaineAroostookMapleton
1%
WisconsinOcontoMaple Valley
1%
WisconsinColumbiaMarcellon
1%
New YorkOneidaMarcy
1%
WisconsinAshlandMarengo
1%
WisconsinCrawfordMarietta
1%
New HampshireCheshireMarlow
1%
WisconsinPierceMartell
1%
MaineAroostookMasardis
1%
WisconsinWaupacaMatteson
1%
WisconsinBuffaloMaxville
1%
New YorkFultonMayfield
1%
WisconsinMarathonMcMillan
1%
WisconsinSawyerMeadowbrook
1%
WisconsinMarquetteMecan
1%
WisconsinLa CrosseMedary
1%
MaineWashingtonMeddybemps
1%
WisconsinManitowocMeeme
1%
WisconsinBurnettMeenon
1%
WisconsinClarkMentor
1%
WisconsinIronMercer
1%
MaineSomersetMercer
1%
WisconsinSawyerMeteor
1%
WisconsinFond du LacMetomen
1%
WisconsinMarinetteMiddle Inlet
1%
WisconsinIowaMifflin
1%
MaineWashingtonMilbridge
1%
WisconsinWoodMilladore
1%
WisconsinIowaMineral Point
1%
New YorkEssexMinerva
1%
New YorkOswegoMinetto
1%
New YorkOrangeMinisink
1%
WisconsinOneidaMinocqua
1%
WisconsinWashburnMinong
1%
MaineAndroscogginMinot
1%
WisconsinManitowocMishicot
1%
WisconsinTaylorMolitor
1%
WisconsinBuffaloMondovi
1%
WisconsinOneidaMonico
1%
VermontAddisonMonkton
1%
WisconsinMarquetteMontello
1%
WisconsinDaneMontrose
1%
New YorkClintonMooers
1%
VermontWashingtonMoretown
1%
WisconsinAshlandMorse
1%
WisconsinSheboyganMosel
1%
WisconsinMarathonMosinee
1%
WisconsinMarquetteMoundville
1%
New YorkOrangeMount Hope
1%
WisconsinGrantMount Hope
1%
WisconsinGrantMount Ida
1%
WisconsinWaupacaMukwa
1%
WisconsinWaukeshaMukwonago
1%
WisconsinRuskMurry
1%
WisconsinGrantMuscoda
1%
WisconsinBayfieldNamakagon
1%
New YorkBroomeNanticoke
1%
WisconsinDoorNasewaupee
1%
WisconsinShawanoNavarino
1%
WisconsinJuneauNecedah
1%
WisconsinWinnebagoNekimi
1%
WisconsinWinnebagoNepeuskun
1%
WisconsinMarquetteNeshkoro
1%
New YorkTiogaNewark Valley
1%
WisconsinOneidaNewbold
1%
WisconsinBrownNew Denmark
1%
WisconsinLafayetteNew Diggings
1%
WisconsinCalumetNew Holstein
1%
WisconsinPortageNew Hope
1%
MaineSomersetNew Portland
1%
New YorkAlbanyNew Scotland
1%
MaineFranklinNew Sharon
1%
MaineFranklinNew Vineyard
1%
New YorkOrangeNew Windsor
1%
WisconsinOneidaNokomis
1%
WisconsinMarathonNorrie
1%
New YorkWestchesterNorth Castle
1%
New YorkErieNorth Collins
1%
New YorkDutchessNorth East
1%
WisconsinGrantNorth Lancaster
1%
New YorkChenangoNorth Norwich
1%
New YorkWestchesterNorth Salem
1%
WisconsinDodgeOak Grove
1%
WisconsinBarronOak Grove
1%
WisconsinPierceOak Grove
1%
WisconsinWausharaOasis
1%
WisconsinOcontoOconto Falls
1%
WisconsinPriceOgema
1%
WisconsinSawyerOjibwa
1%
WisconsinLa CrosseOnalaska
1%
WisconsinBayfieldOrienta
1%
WisconsinRichlandOrion
1%
New YorkOtsegoOtego
1%
WisconsinDunnOtter Creek
1%
WisconsinEau ClaireOtter Creek
1%
New YorkCattaraugusOtto
1%
WisconsinBayfieldOulu
1%
WisconsinColumbiaPacific
1%
WisconsinMarquettePackwaukee
1%
New YorkMontgomeryPalatine
1%
WisconsinJeffersonPalmyra
1%
New YorkWaynePalmyra
1%
MaineSomersetPalmyra
1%
New YorkOswegoParish
1%
New YorkSt. LawrenceParishville
1%
WisconsinDouglasParkland
1%
WisconsinGrantPatch Grove
1%
MainePenobscotPatten
1%
New YorkDutchessPawling
1%
WisconsinAshlandPeeksville
1%
WisconsinOneidaPelican
1%
WisconsinShawanoPella
1%
New YorkNiagaraPendleton
1%
WisconsinOcontoPensaukee
1%
WisconsinTaylorPershing
1%
New YorkCattaraugusPersia
1%
New YorkRensselaerPetersburgh
1%
New YorkPutnamPhilipstown
1%
MassachusettsWorcesterPhillipston
1%
WisconsinOneidaPiehl
1%
WisconsinTrempealeauPigeon
1%
WisconsinBayfieldPilsen
1%
WisconsinOneidaPine Lake
1%
WisconsinLincolnPine River
1%
WisconsinClarkPine Valley
1%
WisconsinDanePleasant Springs
1%
WisconsinEau ClairePleasant Valley
1%
New YorkDutchessPleasant Valley
1%
WisconsinSt. CroixPleasant Valley
1%
WisconsinMarathonPlover
1%
WisconsinPortagePlover
1%
WisconsinVilasPlum Lake
1%
WisconsinLangladePolar
1%
WisconsinForestPopple River
1%
WisconsinWoodPort Edwards
1%
WisconsinMarinettePorterfield
1%
New YorkCattaraugusPortville
1%
WisconsinBayfieldPort Wing
1%
WisconsinGrantPotosi
1%
WisconsinMarinettePound
1%
WisconsinWinnebagoPoygan
1%
WisconsinWausharaPoy Sippi
1%
WisconsinSaukPrairie du Sac
1%
WisconsinBarronPrairie Farm
1%
WisconsinBarronPrairie Lake
1%
New YorkSteubenPrattsburgh
1%
WisconsinPricePrentice
1%
New YorkSchenectadyPrincetown
1%
New YorkSteubenPulteney
1%
WisconsinSawyerRadisson
1%
WisconsinKenoshaRandall
1%
WisconsinCalumetRantoul
1%
MaineKennebecReadfield
1%
WisconsinDunnRed Cedar
1%
New YorkOswegoRedfield
1%
New YorkDutchessRed Hook
1%
New YorkCattaraugusRed House
1%
WisconsinShawanoRed Springs
1%
WisconsinSaukReedsburg
1%
New YorkAlbanyRensselaerville
1%
WisconsinClarkReseburg
1%
WisconsinMarathonRib Falls
1%
WisconsinTaylorRib Lake
1%
WisconsinMarathonRib Mountain
1%
WisconsinBarronRice Lake
1%
WisconsinRichlandRichwood
1%
WisconsinMonroeRidgeville
1%
WisconsinMarathonRietbrock
1%
WisconsinMarathonRingle
1%
MaineSomersetRipley
1%
New YorkChautauquaRipley
1%
WisconsinFond du LacRipon
1%
WisconsinPierceRiver Falls
1%
WisconsinOcontoRiverview
1%
MaineWashingtonRobbinston
1%
WisconsinRichlandRockbridge
1%
WisconsinDunnRock Creek
1%
WisconsinPierceRock Elm
1%
WisconsinLincolnRock Falls
1%
WisconsinLangladeRolling
1%
WisconsinFond du LacRosendale
1%
New YorkUlsterRosendale
1%
WisconsinSawyerRound Lake
1%
WisconsinDodgeRubicon
1%
WisconsinChippewaRuby
1%
WisconsinWinnebagoRushford
1%
New YorkAlleganyRushford
1%
WisconsinSt. CroixRush River
1%
VermontCaledoniaRyegate
1%
MaineAndroscogginSabattus
1%
WisconsinDunnSand Creek
1%
VermontBenningtonSandgate
1%
WisconsinSawyerSand Lake
1%
WisconsinBurnettSand Lake
1%
New YorkRensselaerSand Lake
1%
New YorkOswegoSandy Creek
1%
WisconsinWashburnSarona
1%
WisconsinOzaukeeSaukville
1%
WisconsinWausharaSaxeville
1%
WisconsinWaupacaScandinavia
1%
WisconsinManitowocSchleswig
1%
WisconsinLincolnSchley
1%
WisconsinOneidaSchoepke
1%
New YorkCayugaScipio
1%
MaineHancockSedgwick
1%
WisconsinClarkSeif
1%
WisconsinJuneauSeven Mile Creek
1%
New YorkSchoharieSeward
1%
WisconsinAshlandShanagolden
1%
WisconsinSheboyganSheboygan Falls
1%
New YorkChenangoSherburne
1%
WisconsinWoodSherry
1%
WisconsinMarquetteShields
1%
WisconsinDodgeShields
1%
WisconsinLafayetteShullsburg
1%
WisconsinChippewaSigel
1%
WisconsinWoodSigel
1%
WisconsinMarinetteSilver Cliff
1%
WisconsinBarronSioux Creek
1%
WisconsinBurnettSiren
1%
WisconsinLincolnSkanawan
1%
WisconsinGrantSmelser
1%
WisconsinDouglasSolon Springs
1%
WisconsinLincolnSomo
1%
MaineHancockSorrento
1%
New YorkOntarioSouth Bristol
1%
MaineLincolnSouth Bristol
1%
WisconsinRuskSouth Fork
1%
WisconsinGrantSouth Lancaster
1%
MaineKnoxSouth Thomaston
1%
WisconsinSawyerSpider Lake
1%
WisconsinPriceSpirit
1%
WisconsinDunnSpring Brook
1%
WisconsinWashburnSpringbrook
1%
WisconsinSaukSpring Green
1%
WisconsinGreenSpring Grove
1%
WisconsinPierceSpring Lake
1%
WisconsinWalworthSpring Prairie
1%
WisconsinColumbiaSpringvale
1%
WisconsinFond du LacSpringvale
1%
WisconsinWausharaSpringwater
1%
New YorkLivingstonSpringwater
1%
WisconsinOcontoSpruce
1%
MaineCumberlandStandish
1%
WisconsinBarronStanfold
1%
WisconsinSt. CroixStar Prairie
1%
WisconsinPolkSt. Croix Falls
1%
WisconsinOneidaStella
1%
MainePenobscotStetson
1%
WisconsinMarathonStettin
1%
WisconsinVilasSt. Germain
1%
WisconsinOcontoStiles
1%
New YorkSaratogaStillwater
1%
WisconsinWashburnStinnett
1%
MaineWaldoStockton Springs
1%
WisconsinWashburnStone Lake
1%
WisconsinRuskStrickland
1%
WisconsinAdamsStrongs Prairie
1%
WisconsinRuskStubbs
1%
WisconsinOneidaSugar Camp
1%
WisconsinWalworthSugar Creek
1%
WisconsinBarronSumner
1%
WisconsinJeffersonSumner
1%
WisconsinTrempealeauSumner
1%
MaineOxfordSumner
1%
WisconsinSaukSumpter
1%
WisconsinDaneSun Prairie
1%
WisconsinBurnettSwiss
1%
WisconsinRichlandSylvan
1%
WisconsinGreenSylvester
1%
WisconsinDunnTainter
1%
WisconsinFond du LacTaycheedah
1%
WisconsinRuskThornapple
1%
WisconsinDunnTiffany
1%
WisconsinFlorenceTipler
1%
VermontWindhamTownshend
1%
WisconsinBurnettTrade Lake
1%
WisconsinWashburnTrego
1%
MaineHancockTremont
1%
WisconsinPierceTrimbelle
1%
WisconsinBayfieldTripp
1%
New YorkSteubenTroupsburg
1%
WisconsinRuskTrue
1%
New YorkCortlandTruxton
1%
WisconsinRockTurtle
1%
WisconsinBarronTurtle Lake
1%
WisconsinManitowocTwo Creeks
1%
WisconsinManitowocTwo Rivers
1%
New YorkSenecaTyre
1%
New YorkSchuylerTyrone
1%
WisconsinLangladeUpham
1%
WisconsinBarronVance Creek
1%
WisconsinOutagamieVandenbroek
1%
New YorkSenecaVarick
1%
MaineKennebecVassalboro
1%
WisconsinWinnebagoVinland
1%
WisconsinForestWabeno
1%
MaineAroostookWade
1%
WisconsinMarinetteWagner
1%
WisconsinIowaWaldwick
1%
New YorkOrangeWallkill
1%
WisconsinDouglasWascott
1%
New YorkLewisWatson
1%
WisconsinGrantWatterstown
1%
WisconsinPepinWaubeek
1%
WisconsinShawanoWaukechon
1%
WisconsinBuffaloWaumandee
1%
WisconsinFond du LacWaupun
1%
WisconsinMarinetteWausaukee
1%
WisconsinWausharaWautoma
1%
WisconsinCrawfordWauzeka
1%
WisconsinBurnettWebb Lake
1%
WisconsinSawyerWeirgor
1%
MaineFranklinWeld
1%
WisconsinShawanoWescott
1%
MaineWashingtonWesley
1%
New YorkOntarioWest Bloomfield
1%
WisconsinKewauneeWest Kewaunee
1%
WisconsinBurnettWest Marshland
1%
MaineOxfordWest Paris
1%
WisconsinPolkWest Sweden
1%
New YorkFranklinWestville
1%
WisconsinWaupacaWeyauwega
1%
VermontCaledoniaWheelock
1%
New YorkWashingtonWhite Creek
1%
WisconsinLafayetteWhite Oak Springs
1%
WisconsinAshlandWhite River
1%
WisconsinRuskWillard
1%
WisconsinLafayetteWillow Springs
1%
WisconsinGrantWingville
1%
VermontBenningtonWinhall
1%
WisconsinWinnebagoWinneconne
1%
WisconsinLafayetteWiota
1%
WisconsinClarkWithee
1%
WisconsinShawanoWittenberg
1%
WisconsinWinnebagoWolf River
1%
WisconsinLangladeWolf River
1%
WisconsinJuneauWonewoc
1%
New YorkSteubenWoodhull
1%
WisconsinGrantWoodman
1%
WisconsinChippewaWoodmohr
1%
WisconsinBurnettWood River
1%
WisconsinOneidaWoodruff
1%
WisconsinClarkWorden
1%
WisconsinBrownWrightstown
1%
WisconsinGrantWyalusing
1%
WisconsinColumbiaWyocena
1%
MaineLincolnAlna
0%
New YorkOswegoAmboy
0%
New YorkDelawareAndes
0%
New YorkOneidaAnnsville
0%
New YorkHamiltonArietta
0%
New YorkChautauquaArkwright
0%
MaineSagadahocArrowsic
0%
New YorkClintonAu Sable
0%
New YorkOneidaAva
0%
MaineAroostookBancroft
0%
MainePiscataquisBeaver Cove
0%
New YorkDutchessBeekman
0%
New YorkClintonBeekmantown
0%
New YorkAlbanyBerne
0%
New YorkAlleganyBirdsall
0%
New YorkFultonBleecker
0%
New YorkSchoharieBlenheim
0%
MainePiscataquisBowerbank
0%
New YorkFultonBroadalbin
0%
MaineHancockBrooksville
0%
MaineWaldoBurnham
0%
New YorkChautauquaBusti
0%
New YorkOtsegoButternuts
0%
New YorkOntarioCanadice
0%
New YorkMontgomeryCanajoharie
0%
New YorkTiogaCandor
0%
New YorkAlleganyCaneadea
0%
New YorkJeffersonCape Vincent
0%
MaineSomersetCaratunk
0%
New YorkFultonCaroga
0%
New YorkWyomingCastile
0%
MaineAroostookCastle Hill
0%
New YorkSchuylerCatharine
0%
New YorkChemungCatlin
0%
New YorkSteubenCaton
0%
New YorkSchuylerCayuta
0%
New YorkJeffersonChampion
0%
MaineAroostookChapman
0%
New YorkChautauquaCherry Creek
0%
New YorkOtsegoCherry Valley
0%
New YorkCortlandCincinnatus
0%
New YorkColumbiaClaverack
0%
New YorkColumbiaClermont
0%
New YorkChautauquaClymer
0%
New YorkAlbanyCoeymans
0%
New YorkErieColden
0%
New YorkSchoharieConesville
0%
New YorkCattaraugusConewango
0%
New YorkCayugaConquest
0%
New YorkFranklinConstable
0%
New YorkSenecaCovert
0%
New YorkLewisCroghan
0%
New YorkEssexCrown Point
0%
MaineWashingtonDeblois
0%
New YorkOrangeDeerpark
0%
New YorkUlsterDenning
0%
MaineWashingtonDennysville
0%
New YorkSt. LawrenceDe Peyster
0%
New YorkMadisonDeRuyter
0%
MaineAroostookDyer Brook
0%
New YorkCattaraugusEast Otto
0%
MaineLincolnEdgecomb
0%
New YorkOtsegoEdmeston
0%
New YorkClintonEllenburg
0%
New YorkChautauquaEllery
0%
New YorkJeffersonEllisburg
0%
New YorkErieElma
0%
New YorkSteubenErwin
0%
New YorkUlsterEsopus
0%
New YorkSchoharieEsperance
0%
New YorkCattaraugusFarmersville
0%
New YorkMadisonFenner
0%
New YorkSt. LawrenceFine
0%
New YorkOneidaFloyd
0%
New YorkSullivanForestburgh
0%
New YorkWashingtonFort Ann
0%
New YorkFranklinFort Covington
0%
New YorkWashingtonFort Edward
0%
New YorkSt. LawrenceFowler
0%
New YorkCattaraugusFranklinville
0%
MaineHancockFrenchboro
0%
New YorkChautauquaFrench Creek
0%
New YorkWayneGalen
0%
New YorkColumbiaGallatin
0%
New YorkWyomingGenesee Falls
0%
New YorkHerkimerGerman Flatts
0%
New YorkChautauquaGerry
0%
New YorkSchoharieGilboa
0%
MaineOxfordGilead
0%
MainePenobscotGlenburn
0%
MaineHancockGouldsboro
0%
New YorkSt. LawrenceGouverneur
0%
New YorkAlleganyGranger
0%
MaineHancockGreat Pond
0%
New YorkCattaraugusGreat Valley
0%
New YorkLewisGreig
0%
New YorkGreeneHalcott
0%
New YorkSaratogaHalfmoon
0%
New YorkOrangeHamptonburgh
0%
New YorkUlsterHardenburgh
0%
New YorkDelawareHarpersfield
0%
New YorkFranklinHarrietstown
0%
New YorkSteubenHartsville
0%
MaineAroostookHaynesville
0%
MaineAroostookHersey
0%
MaineOxfordHiram
0%
New YorkWarrenHoricon
0%
New YorkSteubenHornby
0%
New YorkJeffersonHounsfield
0%
New YorkCattaraugusHumphrey
0%
MaineFranklinIndustry
0%
New YorkHamiltonInlet
0%
New YorkCattaraugusIschua
0%
New YorkWyomingJava
0%
New YorkWarrenJohnsburg
0%
New YorkChautauquaKiantone
0%
New YorkOneidaKirkland
0%
New YorkDelawareKortright
0%
New YorkWarrenLake Luzerne
0%
New YorkHamiltonLake Pleasant
0%
MaineHancockLamoine
0%
New HampshireSullivanLangdon
0%
New YorkOtsegoLaurens
0%
New YorkJeffersonLe Ray
0%
MainePenobscotLevant
0%
New YorkWestchesterLewisboro
0%
New YorkChenangoLincklaen
0%
MaineAroostookLinneus
0%
New YorkCattaraugusLittle Valley
0%
New YorkJeffersonLorraine
0%
New YorkSullivanLumberland
0%
New HampshireHillsboroughLyndeborough
0%
New YorkLewisLyonsdale
0%
MaineWashingtonMachiasport
0%
New YorkSt. LawrenceMacomb
0%
New YorkSullivanMamakating
0%
New YorkHerkimerManheim
0%
New YorkUlsterMarbletown
0%
MaineHancockMariaville
0%
New YorkErieMarilla
0%
New YorkDelawareMasonville
0%
MainePenobscotMaxfield
0%
New YorkChenangoMcDonough
0%
New YorkCayugaMentz
0%
New YorkSchoharieMiddleburgh
0%
New YorkChautauquaMina
0%
New YorkMontgomeryMinden
0%
New YorkFranklinMoira
0%
MaineSomersetMoose River
0%
New YorkSaratogaMoreau
0%
New YorkHamiltonMorehouse
0%
New YorkEssexMoriah
0%
MaineWaldoMorrill
0%
MainePenobscotMount Chase
0%
New YorkCattaraugusNapoli
0%
New YorkSullivanNeversink
0%
New YorkCattaraugusNew Albion
0%
New YorkGreeneNew Baltimore
0%
New YorkLewisNew Bremen
0%
New YorkAlleganyNew Hudson
0%
New YorkColumbiaNew Lebanon
0%
MaineAroostookNew Limerick
0%
New YorkOtsegoNew Lisbon
0%
New YorkErieNewstead
0%
MaineLincolnNobleboro
0%
New YorkChautauquaNorth Harmony
0%
New YorkEssexNorth Hudson
0%
New YorkLivingstonNunda
0%
New YorkWyomingOrangeville
0%
New YorkLivingstonOssian
0%
New YorkSt. LawrenceOswegatchie
0%
New YorkChenangoOtselic
0%
New YorkJeffersonPamelia
0%
MainePiscataquisParkman
0%
New YorkGeneseePavilion
0%
MaineAroostookPerham
0%
New YorkCattaraugusPerrysburg
0%
New YorkChenangoPharsalia
0%
New YorkSt. LawrencePiercefield
0%
New YorkSt. LawrencePierrepont
0%
New YorkLewisPinckney
0%
New YorkDutchessPine Plains
0%
New YorkSt. LawrencePitcairn
0%
New YorkChenangoPitcher
0%
New YorkRensselaerPittstown
0%
New YorkUlsterPlattekill
0%
New YorkRensselaerPoestenkill
0%
MaineAroostookPortage Lake
0%
New YorkWestchesterPound Ridge
0%
New YorkGreenePrattsville
0%
New YorkPutnamPutnam Valley
0%
New YorkSteubenRathbone
0%
New YorkSchoharieRichmondville
0%
New YorkJeffersonRodman
0%
New YorkMontgomeryRoot
0%
MaineWashingtonRoque Bluffs
0%
New YorkOtsegoRoseboom
0%
New YorkSt. LawrenceRossie
0%
New YorkOneidaSangerfield
0%
MainePiscataquisSangerville
0%
New YorkFranklinSanta Clara
0%
New YorkRensselaerSchaghticoke
0%
New YorkRensselaerSchodack
0%
New YorkOswegoSchroeppel
0%
New YorkEssexSchroon
0%
New YorkClintonSchuyler Falls
0%
New YorkOswegoScriba
0%
MaineWaldoSearsmont
0%
MainePiscataquisSebec
0%
New YorkUlsterShandaken
0%
New YorkUlsterShawangunk
0%
New YorkChenangoSmyrna
0%
MaineAroostookSmyrna
0%
New YorkCattaraugusSouth Valley
0%
New YorkCayugaSpringport
0%
MainePenobscotStacyville
0%
New YorkYatesStarkey
0%
New YorkEssexSt. Armand
0%
New YorkRensselaerStephentown
0%
New HampshireCheshireStoddard
0%
New YorkWarrenStony Creek
0%
New YorkColumbiaStuyvesant
0%
MaineHancockSwans Island
0%
MaineWaldoSwanville
0%
New YorkColumbiaTaghkanic
0%
MaineWashingtonTalmadge
0%
MaineWaldoThorndike
0%
New YorkWarrenThurman
0%
New YorkSteubenThurston
0%
New YorkYatesTorrey
0%
New YorkSullivanTusten
0%
New YorkOtsegoUnadilla
0%
New YorkDutchessUnion Vale
0%
New YorkSteubenUrbana
0%
MaineHancockVerona Island
0%
New YorkChemungVeteran
0%
New YorkChautauquaVillenova
0%
New YorkCortlandVirgil
0%
New YorkOswegoVolney
0%
New YorkSt. LawrenceWaddington
0%
MaineWashingtonWaite
0%
MaineAroostookWallagrass
0%
New YorkUlsterWawarsing
0%
New YorkOrangeWawayanda
0%
New YorkAlleganyWest Almond
0%
New YorkAlbanyWesterlo
0%
New YorkOneidaWestern
0%
MaineAroostookWestmanland
0%
New YorkOswegoWest Monroe
0%
MaineLincolnWestport Island
0%
New YorkLivingstonWest Sparta
0%
New YorkLewisWest Turin
0%
New YorkSteubenWest Union
0%
New YorkSteubenWheeler
0%
MaineWashingtonWhitneyville
0%
New YorkCortlandWillet
0%
MainePiscataquisWillimantic
0%
New YorkEssexWillsboro
0%
New YorkJeffersonWilna
0%
New YorkAlleganyWirt
0%

Score Distribution

Percentile by Number Answered

Percent of People with Each Score

Your Score History

You have not taken this quiz